Combien de ville d'Auvergne Rhone-Alpes connais-tu ? - Statistiques

Statistiques générales
  • Ce quiz a été pris 50 fois
  • Le résultat moyen est 83 sur 4037
Statistiques - réponses
Population Département Ville % Correct
528633 69 Lyon
95%
30108 69 Lyon 1er Arrondissement
95%
30630 69 Lyon 2e Arrondissement
95%
102789 69 Lyon 3e Arrondissement
95%
36094 69 Lyon 4e Arrondissement
95%
50606 69 Lyon 5e Arrondissement
95%
53448 69 Lyon 6e Arrondissement
95%
84788 69 Lyon 7e Arrondissement
95%
86996 69 Lyon 8e Arrondissement
95%
53174 69 Lyon 9e Arrondissement
95%
176016 42 Saint-Étienne
95%
160483 38 Grenoble
89%
134942 74 Annecy
84%
155858 69 Villeurbanne
84%
405 74 Clermont
82%
149898 63 Clermont-Ferrand
82%
65709 26 Valence
80%
60749 73 Chambéry
77%
43363 1 Bourg-en-Bresse
73%
67017 69 Vénissieux
61%
30401 38 Vienne
52%
42819 69 Bron
45%
34868 3 Montluçon
45%
19997 3 Moulins
45%
35152 42 Roanne
45%
48612 69 Saint-Priest
45%
1365 7 Saint-Priest
45%
19784 43 Le Puy-en-Velay
43%
25680 3 Vichy
43%
36419 69 Villefranche-sur-Saône
43%
40969 26 Montélimar
41%
8826 7 Privas
41%
1075 74 Vaulx
41%
20414 73 Albertville
39%
26973 15 Aurillac
39%
37181 38 Échirolles
36%
22724 1 Oyonnax
36%
37859 74 Annemasse
34%
43929 69 Caluire-et-Cuire
34%
20798 69 Givors
34%
15681 63 Issoire
34%
1338 74 La Tour
34%
19476 63 Riom
34%
610 1 Romans
34%
31642 73 Aix-les-Bains
32%
11841 63 Thiers
32%
37732 74 Thonon-les-Bains
32%
16962 7 Annonay
30%
19142 69 Écully
30%
9369 74 Évian-les-Bains
30%
13467 1 Gex
30%
6992 15 Saint-Flour
30%
17126 42 Firminy
27%
589 38 La Pierre
27%
27263 69 Oullins
27%
35697 42 Saint-Chamond
27%
744 73 Saint-Paul
27%
13177 7 Aubenas
25%
20331 26 Bourg-lès-Valence
25%
6851 43 Brioude
25%
2605 38 Chatte
25%
20712 63 Cournon-d'Auvergne
25%
9459 69 Dardilly
25%
727 7 Saint-Germain
25%
10833 69 Tarare
25%
22795 69 Tassin-la-Demi-Lune
25%
7743 43 Yssingeaux
25%
17756 63 Chamalières
23%
29063 69 Décines-Charpieu
23%
19556 69 Saint-Fons
23%
21439 69 Saint-Genis-Laval
23%
144 15 Saint-Pierre
23%
6877 63 Ambert
20%
9550 1 Belley
20%
5014 26 Die
20%
3701 15 Mauriac
20%
35468 69 Meyzieu
20%
3587 1 Nantua
20%
6921 26 Nyons
20%
12641 63 Pont-du-Château
20%
31210 69 Rillieux-la-Pape
20%
1105 1 Sainte-Julie
20%
7894 73 Saint-Jean-de-Maurienne
20%
606 73 Tournon
20%
962 74 Villard
20%
13224 3 Yzeure
20%
3392 74 Bonne
18%
12902 74 Bonneville
18%
30011 38 Bourgoin-Jallieu
18%
13154 3 Cusset
18%
23295 38 Fontaine
18%
6012 3 Gannat
18%
10491 63 Gerzat
18%
1790 63 La Bourboule
18%
3592 73 Les Belleville
18%
861 1 Port
18%
2207 38 Roche
18%
257 42 Roche
18%
210 63 Saint-Romain
18%
599 69 Ambérieux
16%
10756 63 Aubière
16%
1248 74 Châtel
16%
8488 42 Feurs
16%
3850 69 Limonest
16%
10355 1 Miribel
16%
16545 42 Montbrison
16%
2957 1 Pont-d'Ain
16%
1451 7 Saint-Cyr
16%
918 69 Saint-Julien
16%
14662 1 Ambérieu-en-Bugey
14%
7907 69 Anse
14%
9080 3 Bellerive-sur-Allier
14%
298 1 Bey
14%
634 26 Bren
14%
389 63 Chas
14%
8974 26 Crest
14%
10239 1 Divonne-les-Bains
14%
8871 3 Domérat
14%
9976 69 Feyzin
14%
15046 69 Francheville
14%
13445 69 Genas
14%
9814 69 Grigny
14%
8924 69 Irigny
14%
6158 69 Jonage
14%
1301 63 Le Crest
14%
9105 63 Lempdes
14%
6499 38 Le Péage-de-Roussillon
14%
3123 74 Megève
14%
9393 43 Monistrol-sur-Loire
14%
387 63 Neuville
14%
3654 63 Orcines
14%
13979 26 Pierrelatte
14%
10685 26 Portes-lès-Valence
14%
15208 42 Rive-de-Gier
14%
22452 69 Sainte-Foy-lès-Lyon
14%
545 38 Saint-Gervais
14%
674 63 Saint-Laure
14%
874 74 Saint-Laurent
14%
1248 1 Saint-Marcel
14%
611 73 Saint-Marcel
14%
38455 38 Saint-Martin-d'Hères
14%
17450 74 Sallanches
14%
11421 7 Tournon-sur-Rhône
14%
51990 69 Vaulx-en-Velin
14%
1188 3 Vaux
14%
20853 38 Voiron
14%
4778 63 Volvic
14%
10848 63 Beaumont
11%
3102 74 Beaumont
11%
282 43 Beaumont
11%
257 7 Beaumont
11%
9977 26 Bourg-de-Péage
11%
7561 73 Bourg-Saint-Maurice
11%
9075 63 Cébazat
11%
5168 1 Cessy
11%
9019 74 Chamonix-Mont-Blanc
11%
9065 69 Chaponost
11%
6461 63 Châtel-Guyon
11%
17372 74 Cluses
11%
6285 3 Commentry
11%
11241 69 Corbas
11%
11657 69 Craponne
11%
2109 63 Durtol
11%
10784 1 Ferney-Voltaire
11%
6591 69 L'Arbresle
11%
8353 38 La Tour-du-Pin
11%
59 7 Le Chambon
11%
1472 3 Le Mayet-de-Montagne
11%
10948 38 Le Pont-de-Claix
11%
16985 38 L'Isle-d'Abeau
11%
13836 69 Mions
11%
2836 1 Péron
11%
8578 38 Roussillon
11%
453 73 Saint-André
11%
1532 42 Saint-Bonnet-le-Château
11%
768 63 Saint-Nectaire
11%
5221 3 Saint-Pourçain-sur-Sioule
11%
2134 3 Saint-Victor
11%
960 7 Saint-Victor
11%
109 15 Saint-Victor
11%
7108 1 Trévoux
11%
4109 3 Avermes
9%
149 38 Besse
9%
132 15 Besse
9%
4943 1 Beynost
9%
4885 63 Billom
9%
12572 69 Brignais
9%
6702 69 Brindas
9%
595 7 Champagne
9%
6390 38 Chasse-sur-Rhône
9%
10984 69 Chassieu
9%
2156 69 Châtillon
9%
317 3 Châtillon
9%
2435 73 Courchevel
9%
4565 3 Désertines
9%
7159 69 Fontaines-sur-Saône
9%
1675 38 Four
9%
11154 7 Guilherand-Granges
9%
245 42 Jas
9%
7340 1 Lagnieu
9%
6690 69 La Mulatière
9%
1623 7 Largentière
9%
7990 42 La Ricamarie
9%
5578 63 Le Cendre
9%
11944 42 Le Chambon-Feugerolles
9%
7020 42 Le Coteau
9%
9051 7 Le Teil
9%
6722 26 Loriol-sur-Drôme
9%
1938 74 Marin
9%
1869 15 Massiac
9%
1292 63 Mont-Dore
9%
4606 38 Morestel
9%
6735 1 Péronnas
9%
10555 69 Pierre-Bénite
9%
9193 1 Prévessin-Moëns
9%
7987 63 Romagnat
9%
33486 26 Romans-sur-Isère
9%
4514 63 Royat
9%
16362 74 Rumilly
9%
6983 69 Saint-Bonnet-de-Mure
9%
7305 69 Saint-Didier-au-Mont-d'Or
9%
111 15 Sainte-Marie
9%
14463 1 Saint-Genis-Pouilly
9%
15968 74 Saint-Julien-en-Genevois
9%
980 1 Saint-Just
9%
157 63 Saint-Just
9%
972 63 Saint-Maurice
9%
384 3 Saint-Pourçain-sur-Besbre
9%
6900 26 Saint-Rambert-d'Albon
9%
2078 69 Saint-Romain-en-Gal
9%
4172 26 Saint-Vallier
9%
7366 73 Ugine
9%
16770 1 Valserhône
9%
5162 69 Vernaison
9%
7994 42 Villars
9%
1599 1 Villeneuve
9%
147 63 Villeneuve
9%
2804 63 Aigueperse
7%
245 69 Aigueperse
7%
5018 69 Amplepuis
7%
10259 42 Andrézieux-Bouthéon
7%
964 63 Aubiat
7%
6249 43 Aurec-sur-Loire
7%
1002 3 Bellenaves
7%
13616 69 Belleville-en-Beaujolais
7%
177 38 Chalon
7%
416 38 Chamrousse
7%
4482 69 Chaponnay
7%
5385 69 Charbonnières-les-Bains
7%
1056 3 Charmeil
7%
397 3 Charmes
7%
363 3 Charroux
7%
8142 38 Claix
7%
2276 1 Collonges
7%
336 3 Colombier
7%
300 42 Colombier
7%
458 15 Coren
7%
4232 38 Corenc
7%
4148 63 Courpière
7%
3499 38 Crémieu
7%
3062 3 Dompierre-sur-Besbre
7%
1296 3 Ébreuil
7%
1153 63 Effiat
7%
822 3 Escurolles
7%
10468 74 Gaillard
7%
5626 69 Genay
7%
7843 69 Gleizé
7%
1190 3 Hauterive
7%
6430 1 Jassans-Riottier
7%
534 3 Jenzat
7%
395 3 La Chapelle
7%
341 73 La Chapelle
7%
3210 3 Lapalisse
7%
3562 63 La Roche-Blanche
7%
637 63 La Roche-Noire
7%
7441 38 La Verpillière
7%
812 1 Léaz
7%
3386 38 Le Bourg-d'Oisans
7%
209 26 Le Chalon
7%
286 3 Le Mayet-d'École
7%
4004 63 Les Martres-de-Veyre
7%
9404 26 Livron-sur-Drôme
7%
3165 63 Maringues
7%
582 42 Mars
7%
266 7 Mars
7%
313 3 Mazerier
7%
18578 38 Meylan
7%
621 63 Murol
7%
153 3 Nades
7%
127 3 Naves
7%
2686 3 Néris-les-Bains
7%
7700 69 Neuville-sur-Saône
7%
103 38 Quincieu
7%
6727 38 Rives
7%
193 1 Saint-Alban
7%
730 63 Saint-Anthème
7%
733 3 Saint-Bonnet-de-Rochefort
7%
542 73 Saint-Christophe
7%
5831 69 Saint-Cyr-au-Mont-d'Or
7%
6137 1 Saint-Denis-lès-Bourg
7%
3303 43 Sainte-Florine
7%
16221 38 Saint-Égrève
7%
1217 15 Saint-Georges
7%
5730 74 Saint-Gervais-les-Bains
7%
15488 42 Saint-Just-Saint-Rambert
7%
7914 38 Saint-Marcellin
7%
4042 69 Saint-Martin-en-Haut
7%
715 3 Saint-Pont
7%
983 1 Saint-Rémy
7%
11545 38 Sassenage
7%
6738 69 Sathonay-Camp
7%
2456 69 Sathonay-Village
7%
389 3 Saulzet
7%
291 63 Saulzet-le-Froid
7%
8023 38 Seyssins
7%
6269 26 Tain-l'Hermitage
7%
6876 74 Thônes
7%
3175 69 Thurins
7%
478 15 Ussel
7%
2106 73 Val-Cenis
7%
2323 3 Vendat
7%
5283 63 Vic-le-Comte
7%
8740 38 Vif
7%
718 73 Villard-sur-Doron
7%
5040 1 Villars-les-Dombes
7%
19131 38 Villefontaine
7%
6817 1 Viriat
7%
3731 7 Viviers
7%
9888 38 Voreppe
7%
2961 3 Abrest
5%
4537 73 Aime-la-Plagne
5%
789 69 Alix
5%
2648 26 Alixan
5%
959 38 Allemond
5%
4106 38 Allevard
5%
2946 1 Ambronay
5%
2787 69 Ampuis
5%
2932 38 Aoste
5%
4142 63 Aulnat
5%
2556 63 Aydat
5%
3604 73 Barby
5%
364 26 Barcelonne
5%
705 42 Bard
5%
694 3 Bayet
5%
2176 69 Beaujeu
5%
224 3 Bègues
5%
1530 38 Biol
5%
3092 42 Boën-sur-Lignon
5%
663 15 Boisset
5%
359 43 Boisset
5%
599 73 Bourdeau
5%
7353 7 Bourg-Saint-Andéol
5%
3506 63 Brassac-les-Mines
5%
1269 3 Broût-Vernet
5%
2370 26 Buis-les-Baronnies
5%
2042 69 Bully
5%
406 42 Bully
5%
1559 42 Bussières
5%
97 63 Bussières
5%
488 63 Bussières-et-Pruns
5%
2952 69 Cailloux-sur-Fontaines
5%
788 1 Cerdon
5%
7021 26 Chabeuil
5%
1203 63 Chabreloche
5%
5875 73 Challes-les-Eaux
5%
1631 1 Challex
5%
1335 38 Champagnier
5%
1447 63 Champeix
5%
554 73 Chanaz
5%
1131 3 Chantelle
5%
1868 63 Charbonnières-les-Varennes
5%
4723 69 Charly
5%
1670 42 Châteauneuf
5%
952 73 Châteauneuf
5%
555 3 Châtel-de-Neuvre
5%
5171 1 Châtillon-sur-Chalaronne
5%
34 43 Chazelles
5%
31 15 Chazelles
5%
5530 42 Chazelles-sur-Lyon
5%
663 3 Chevagnes
5%
713 3 Cognat-Lyonne
5%
4539 69 Collonges-au-Mont-d'Or
5%
4031 69 Condrieu
5%
158 73 Corbel
5%
2323 38 Corbelin
5%
436 38 Corps
5%
1287 63 Coudes
5%
4457 69 Cours
5%
1701 7 Coux
5%
314 3 Couzon
5%
8448 38 Crolles
5%
1342 63 Cunlhat
5%
90 3 Deneuille-lès-Chantelle
5%
3371 26 Dieulefit
5%
3292 38 Dolomieu
5%
2650 69 Dommartin
5%
6062 26 Donzère
5%
1201 3 Doyet
5%
1578 63 Enval
5%
290 63 Espinasse
5%
78 15 Espinasse
5%
10231 38 Eybens
5%
193 3 Fourilles
5%
2453 1 Frans
5%
558 43 Frugerès-les-Mines
5%
418 3 Gannay-sur-Loire
5%
1646 38 Grenay
5%
1633 26 Grignan
5%
359 73 Hauteville
5%
570 3 Jaligny-sur-Besbre
5%
3412 1 La Boisse
5%
278 3 La Ferté-Hauterive
5%
2401 7 Lamastre
5%
13035 73 La Motte-Servolex
5%
5109 38 La Mure
5%
2794 38 Lans-en-Vercors
5%
1073 42 La Pacaudière
5%
531 63 Lapeyrouse
5%
326 1 Lapeyrouse
5%
9487 73 La Ravoire
5%
6700 38 La Tronche
5%
2465 43 Le Chambon-sur-Lignon
5%
699 63 Le Cheix
5%
241 63 Le Monestier
5%
3689 38 Le Pont-de-Beauvoisin
5%
2099 73 Le Pont-de-Beauvoisin
5%
2710 7 Les Vans
5%
1957 3 Le Vernet
5%
22 43 Le Vernet
5%
6355 63 Lezoux
5%
4923 69 Limas
5%
2694 69 Loire-sur-Rhône
5%
235 3 Louroux-de-Bouble
5%
1153 63 Malintrat
5%
826 69 Marcy
5%
3558 69 Marcy-l'Étoile
5%
750 3 Mariol
5%
1266 1 Marlieux
5%
312 1 Mijoux
5%
4392 69 Millery
5%
7647 38 Moirans
5%
288 3 Monestier
5%
63 7 Monestier
5%
276 38 Montagne
5%
3321 69 Montanay
5%
263 3 Monteignet-sur-l'Andelot
5%
6944 1 Montluel
5%
1541 3 Montmarault
5%
3849 1 Montmerle-sur-Saône
5%
474 63 Montpensier
5%
459 38 Montrevel
5%
5550 42 Montrond-les-Bains
5%
6413 69 Mornant
5%
2764 74 Morzine
5%
3932 73 Moûtiers
5%
1752 3 Neuvy
5%
3829 42 Pélussin
5%
1340 1 Pérouges
5%
4981 1 Plateau d'Hauteville
5%
154 3 Poëzat
5%
2905 43 Polignac
5%
2766 69 Pommiers
5%
7519 38 Pontcharra
5%
2238 1 Pont-de-Vaux
5%
1701 1 Pont-de-Veyle
5%
1067 69 Poule-les-Écharmeaux
5%
1756 1 Priay
5%
4228 69 Pusignan
5%
3553 69 Quincieux
5%
11161 42 Riorges
5%
748 63 Ris
5%
253 73 Rochefort
5%
995 63 Rochefort-Montagne
5%
1 26 Rochefourchat
5%
1580 69 Rochetaillée-sur-Saône
5%
187 1 Ruffieu
5%
2303 7 Ruoms
5%
342 63 Saint-Agoulin
5%
6499 73 Saint-Alban-Leysse
5%
3425 1 Saint-André-de-Corcy
5%
2902 38 Saint-André-le-Gaz
5%
2242 63 Saint-Beauzire
5%
459 43 Saint-Beauzire
5%
1528 1 Saint-Bernard
5%
210 63 Saint-Bonnet-le-Chastel
5%
3069 1 Saint-Didier-sur-Chalaronne
5%
1644 42 Saint-Germain-Laval
5%
2054 63 Saint-Germain-Lembron
5%
1402 63 Saint-Gervais-d'Auvergne
5%
549 3 Saint-Léon
5%
1922 1 Saint-Martin-du-Mont
5%
1604 1 Saint-Paul-de-Varax
5%
7754 7 Saint-Péray
5%
6122 38 Saint-Quentin-Fallavier
5%
1281 69 Saint-Romain-au-Mont-d'Or
5%
1001 63 Saint-Sandoux
5%
3797 69 Saint-Symphorien-sur-Coise
5%
2610 3 Saint-Yorre
5%
1055 38 Séchilienne
5%
837 3 Serbannes
5%
2945 69 Sérézin-du-Rhône
5%
11923 38 Seyssinet-Pariset
5%
109 3 Sussat
5%
193 3 Taxat-Senat
5%
1054 3 Thiel-sur-Acolin
5%
6299 1 Thoiry
5%
461 73 Thoiry
5%
957 63 Thuret
5%
297 38 Treffort
5%
521 3 Treteau
5%
170 3 Ussel-d'Allier
5%
3713 3 Varennes-sur-Allier
5%
6193 69 Vaugneray
5%
350 38 Vaujany
5%
547 3 Vaumas
5%
39 3 Veauce
5%
3330 63 Vertaizon
5%
3723 63 Veyre-Monton
5%
58 15 Vèze
5%
2206 38 Vézeronce-Curtin
5%
5674 74 Viry
5%
7474 38 Vizille
5%
3495 69 Vourles
5%
1568 74 Abondance
2%
239 73 Aiguebelette-le-Lac
2%
1516 43 Aiguilhe
2%
446 73 Aillon-le-Jeune
2%
199 73 Aillon-le-Vieux
2%
1533 7 Alba-la-Romaine
2%
3025 69 Albigny-sur-Saône
2%
1011 7 Alboussière
2%
2723 74 Alby-sur-Chéran
2%
1944 42 Ambierle
2%
6080 74 Ambilly
2%
781 1 Ambutrix
2%
1392 26 Ancône
2%
1223 7 Andance
2%
1363 26 Andancette
2%
406 42 Apinac
2%
1916 38 Arandon-Passins
2%
3427 1 Arbent
2%
786 73 Arbin
2%
199 15 Arches
2%
603 63 Ardes
2%
646 3 Arfeuilles
2%
1841 63 Arlanc
2%
4148 69 Arnas
2%
6509 15 Arpajon-sur-Cère
2%
1520 1 Ars-sur-Formans
2%
170 3 Aubigny
2%
225 63 Aubusson-d'Auvergne
2%
899 63 Augerolles
2%
10 26 Aulan
2%
125 69 Azolette
2%
2892 42 Balbigny
2%
642 1 Baneins
2%
679 7 Banne
2%
5290 73 Barberaz
2%
144 3 Barberier
2%
208 7 Barnas
2%
1900 38 Beaucroissant
2%
2106 73 Beaufort
2%
595 38 Beaufort
2%
1062 43 Beaulieu
2%
651 38 Beaulieu
2%
534 7 Beaulieu
2%
482 63 Beaulieu
2%
93 15 Beaulieu
2%
5088 38 Beaurepaire
2%
863 43 Beaux
2%
613 38 Belmont
2%
535 73 Belmont-Tramonet
2%
238 3 Bert
2%
468 63 Bertignat
2%
2424 69 Bessenay
2%
895 3 Biozat
2%
3834 63 Blanzat
2%
645 43 Blesle
2%
1932 74 Boëge
2%
1209 42 Boisset-lès-Montrond
2%
1269 42 Boisset-Saint-Priest
2%
4272 42 Bonson
2%
2390 7 Boulieu-lès-Annonay
2%
2635 3 Bourbon-l'Archambault
2%
703 26 Bourdeaux
2%
3010 42 Bourg-Argental
2%
884 63 Bourg-Lastic
2%
736 63 Bouzel
2%
838 1 Brégnier-Cordon
2%
642 63 Brenat
2%
1170 3 Bressolles
2%
974 1 Bressolles
2%
676 38 Bresson
2%
2400 73 Brison-Saint-Innocent
2%
4464 43 Brives-Charensac
2%
1567 3 Brugheas
2%
851 3 Busset
2%
1158 69 Cercié
2%
3243 38 Cessieu
2%
6473 63 Ceyrat
2%
704 63 Ceyssat
2%
2208 38 Châbons
2%
2499 43 Chadrac
2%
792 74 Chainaz-les-Frasses
2%
1074 42 Chambles
2%
1116 3 Chamblet
2%
431 63 Chambon-sur-Lac
2%
1062 15 Champagnac
2%
5793 69 Champagne-au-Mont-d'Or
2%
2023 42 Champdieu
2%
411 63 Champs
2%
1349 26 Chantemerle-les-Blés
2%
1661 63 Chappes
2%
247 3 Chappes
2%
1993 38 Charavines
2%
1167 63 Charbonnières-les-Vieilles
2%
3810 42 Charlieu
2%
3120 7 Charmes-sur-Rhône
2%
1068 69 Charnay
2%
930 1 Charnoz-sur-Ain
2%
3156 63 Châteaugay
2%
2412 26 Châteauneuf-de-Galaure
2%
4137 26 Châteauneuf-sur-Isère
2%
791 63 Châteldon
2%
829 15 Chaudes-Aigues
2%
524 74 Chaumont
2%
234 63 Chaumont-le-Bourg
2%
1747 63 Chauriat
2%
4270 69 Chazay-d'Azergues
2%
261 42 Chazelles-sur-Lavieu
2%
1213 1 Chazey-Bons
2%
464 1 Chézery-Forens
2%
306 38 Chichilianne
2%
1434 38 Chimilin
2%
1429 73 Chindrieux
2%
1732 74 Choisy
2%
237 3 Chouvigny
2%
1919 1 Civrieux
2%
1579 69 Civrieux-d'Azergues
2%
652 69 Claveisolles
2%
6656 73 Cognin
2%
806 69 Coise
2%
1185 1 Coligny
2%
1676 38 Colombe
2%
2223 74 Combloux
2%
2179 63 Combronde
2%
4544 69 Communay
2%
829 1 Condeissiat
2%
2377 7 Cornas
2%
380 38 Corrençon-en-Vercors
2%
2060 3 Cosne-d'Allier
2%
2499 69 Couzon-au-Mont-d'Or
2%
1370 42 Craintilleux
2%
1988 43 Craponne-sur-Arzon
2%
643 3 Cressanges
2%
345 73 Crest-Voland
2%
1521 38 Creys-Mépieu
2%
2269 1 Crozet
2%
1893 74 Cusy
2%
1565 42 Cuzieu
2%
449 1 Cuzieu
2%
3223 7 Davézieux
2%
850 74 Demi-Quartier
2%
400 3 Deux-Chaises
2%
2881 38 Diémoz
2%
1408 3 Diou
2%
390 63 Domaize
2%
1974 73 Domessin
2%
439 1 Dompierre-sur-Chalaronne
2%
668 63 Dore-l'Église
2%
3065 73 Drumettaz-Clarafond
2%
379 3 Échassières
2%
2591 63 Ennezat
2%
6480 73 Entrelacs
2%
816 26 Érôme
2%
1387 63 Escoutoux
2%
3648 43 Espaly-Saint-Marcel
2%
1003 3 Espinasse-Vozelle
2%
680 42 Essertines-en-Châtelneuf
2%
1141 3 Estivareilles
2%
696 42 Estivareilles
2%
5673 26 Étoile-sur-Rhône
2%
674 3 Étroussat
2%
2392 1 Fareins
2%
1510 38 Faverges-de-la-Tour
2%
3438 1 Feillens
2%
1324 69 Fleurie
2%
1533 69 Fleurieu-sur-Saône
2%
824 73 Flumet
2%
2050 1 Foissiat
2%
3088 69 Fontaines-Saint-Martin
2%
3786 42 Fraisses
2%
831 63 Giat
2%
7227 38 Gières
2%
4701 73 Grésy-sur-Aix
2%
862 1 Grilly
2%
329 42 Gumières
2%
782 73 Hauteluce
2%
4774 38 Heyrieux
2%
2688 3 Huriel
2%
126 7 Issarlès
2%
226 1 Izieu
2%
2227 38 Jardin
2%
3867 38 Jarrie
2%
1861 1 Jasseron
2%
1316 7 Jaujac
2%
1550 69 Jons
2%
2173 1 Jujurieux
2%
904 69 Juliénas
2%
459 69 Jullié
2%
580 63 Jumeaux
2%
347 73 La Balme
2%
218 1 Labalme
2%
2015 38 La Bâtie-Montgascon
2%
1380 7 Labégude
2%
2904 73 La Biolle
2%
1043 69 Lacenas
2%
645 43 La Chaise-Dieu
2%
1183 73 La Chambre
2%
960 3 La Chapelaude
2%
925 74 La Chapelle-d'Abondance
2%
1971 38 La Chapelle-de-la-Tour
2%
265 73 La Chapelle-du-Mont-du-Chat
2%
234 26 Lachau
2%
1758 74 La Clusaz
2%
5097 38 La Côte-Saint-André
2%
194 3 Laféline
2%
397 73 La Giettaz
2%
1311 38 L'Albenc
2%
1144 7 Lalevade-d'Ardèche
2%
421 3 Lalizolle
2%
432 26 La Motte-Chalancon
2%
1113 69 Lamure-sur-Azergues
2%
325 3 Laprugne
2%
602 63 Laps
2%
378 63 Laqueuille
2%
1882 69 Larajasse
2%
1088 26 Larnage
2%
253 7 Larnas
2%
717 63 La Sauvetat
2%
7143 42 La Talaudière
2%
4350 69 La Tour-de-Salvagny
2%
120 42 Lavieu
2%
4885 7 La Voulte-sur-Rhône
2%
772 42 Lay
2%
643 74 Le Biot
2%
5009 73 Le Bourget-du-Lac
2%
258 42 Le Crozet
2%
1062 3 Le Donjon
2%
2135 74 Le Grand-Bornand
2%
235 1 Lélex
2%
473 3 Le Montet
2%
1343 43 Lempdes-sur-Allagnon
2%
1436 1 Lent
2%
6667 69 Lentilly
2%
433 3 Le Pin
2%
482 73 Lépin-le-Lac
2%
599 1 Le Plantay
2%
1005 26 Le Poët-Laval
2%
2916 7 Le Pouzin
2%
1094 38 Les Adrets
2%
7938 38 Les Avenières Veyrins-Thuellin
2%
277 74 Leschaux
2%
1533 69 Les Chères
2%
1979 38 Les Deux Alpes
2%
336 43 Les Estables
2%
1250 74 Les Gets
2%
701 26 Les Granges-Gontardes
2%
2207 63 Les Martres-d'Artière
2%
242 26 Les Pilles
2%
2008 38 Les Roches-de-Condrieu
2%
1053 26 Les Tourrettes
2%
392 3 Le Theil
2%
914 1 Lhuis
2%
418 43 Lorlanges
2%
2924 69 Lozanne
2%
2254 38 Lumbin
2%
398 1 Lurcy
2%
1722 3 Lusigny
2%
942 63 Lussat
2%
7650 42 Mably
2%
682 1 Maillat
2%
3333 26 Malissard
2%
1976 69 Marennes
2%
819 42 Margerie-Chantagret
2%
5837 74 Marnaz
2%
1474 63 Marsac-en-Livradois
2%
1494 63 Marsat
2%
549 63 Menat
2%
555 15 Menet
2%
1472 38 Mens
2%
2148 73 Méry
2%
3611 69 Messimy
2%
8141 1 Meximieux
2%
2244 1 Mézériat
2%
2299 1 Mionnay
2%
2410 63 Mirefleurs
2%
2249 1 Misérieux
2%
508 42 Mizérieux
2%
3154 73 Modane
2%
1482 38 Monestier-de-Clermont
2%
552 3 Monétay-sur-Allier
2%
252 3 Monétay-sur-Loire
2%
2193 1 Montagnat
2%
3236 69 Montagny
2%
1120 42 Montagny
2%
665 73 Montagny
2%
665 3 Montbeugny
2%
1216 1 Montceaux
2%
346 38 Montchaboud
2%
297 3 Montcombroux-les-Mines
2%
1884 26 Montéléger
2%
705 1 Monthieux
2%
4137 73 Montmélian
2%
634 3 Montoldre
2%
220 3 Montord
2%
338 63 Montpeyroux
2%
590 7 Montréal
2%
3580 1 Montréal-la-Cluse
2%
2619 1 Montrevel-en-Bresse
2%
77 26 Mornans
2%
3942 63 Mozac
2%
1913 15 Murat
2%
280 3 Murat
2%
2178 15 Naucelles
2%
1482 3 Neuilly-le-Réal
2%
1511 1 Neuville-les-Dames
2%
314 3 Nizerolles
2%
1681 42 Noirétable
2%
2251 73 Novalaise
2%
52 74 Novel
2%
608 3 Noyant-d'Allier
2%
2319 38 Noyarey
2%
770 63 Olliergues
2%
2821 63 Orcet
2%
248 63 Orcival
2%
217 38 Oz
2%
543 63 Palladuc
2%
902 63 Parent
2%
1518 63 Paslières
2%
11790 74 Passy
2%
2770 63 Pérignat-lès-Sarliève
2%
1527 63 Pérignat-sur-Allier
2%
1616 42 Périgneux
2%
2157 63 Peschadoires
2%
1488 15 Pleaux
2%
8886 74 Poisy
2%
2921 69 Pollionnay
2%
748 63 Pontaumur
2%
750 63 Pontgibaud
2%
1925 43 Pont-Salomon
2%
434 26 Portes-en-Valdaine
2%
817 1 Pougny
2%
1211 7 Prades
2%
62 43 Prades
2%
1279 74 Praz-sur-Arly
2%
2783 63 Puy-Guillaume
2%
844 73 Queige
2%
1552 3 Quinssaines
2%
753 1 Rancé
2%
1632 63 Randan
2%
797 63 Ravel
2%
1520 42 Régny
2%
3437 38 Renage
2%
3043 43 Retournac
2%
111 15 Rézentières
2%
1199 43 Riotord
2%
335 69 Riverie
2%
470 7 Rochessauve
2%
1671 38 Romagnieu
2%
825 73 Ruffieux
2%
4841 38 Ruy-Montceau
2%
2465 69 Sain-Bel
2%
2409 7 Saint-Agrève
2%
90 73 Saint-Alban-des-Villards
2%
527 63 Saint-Amant-Roche-Savine
2%
1790 63 Saint-Amant-Tallende
2%
129 38 Saint-Andéol
2%
87 26 Saint-Andéol
2%
416 1 Saint-André-le-Bouchoux
2%
91 15 Saint-Antoine
2%
335 26 Saint-Avit
2%
219 63 Saint-Avit
2%
704 42 Saint-Bonnet-le-Courreau
2%
740 3 Saint-Bonnet-Tronçais
2%
1954 42 Saint-Christo-en-Jarez
2%
1272 7 Saint-Clair
2%
3504 38 Saint-Clair-de-la-Tour
2%
292 3 Saint-Clément
2%
90 7 Saint-Clément
2%
79 15 Saint-Clément
2%
131 73 Saint-Colomban-des-Villards
2%
2462 42 Saint-Cyprien
2%
1863 1 Saint-Cyr-sur-Menthon
2%
684 42 Saint-Denis-sur-Coise
2%
2179 38 Saint-Didier-de-la-Tour
2%
3512 43 Saint-Didier-en-Velay
2%
204 63 Saint-Donat
2%
4388 26 Saint-Donat-sur-l'Herbasse
2%
173 63 Sainte-Agathe
2%
2017 69 Sainte-Colombe
2%
1309 69 Sainte-Foy-l'Argentière
2%
320 69 Sainte-Paule
2%
6120 43 Sainte-Sigolène
2%
1145 7 Saint-Félicien
2%
162 73 Saint-Franc
2%
3897 63 Saint-Genès-Champanelle
2%
479 63 Saint-Genès-du-Retz
2%
396 3 Saint-Genest
2%
3089 42 Saint-Genest-Malifaux
2%
5324 69 Saint-Genis-les-Ollières
2%
508 38 Saint-Geoirs
2%
2625 38 Saint-Georges-de-Commiers
2%
208 1 Saint-Georges-sur-Renon
2%
379 3 Saint-Gérand-de-Vaux
2%
974 3 Saint-Gérand-le-Puy
2%
3030 69 Saint-Germain-au-Mont-d'Or
2%
434 3 Saint-Germain-de-Salles
2%
3723 3 Saint-Germain-des-Fossés
2%
515 63 Saint-Germain-l'Herm
2%
253 1 Saint-Germain-sur-Renon
2%
894 74 Saint-Gingolph
2%
291 43 Saint-Haon
2%
531 3 Saint-Hilaire
2%
163 43 Saint-Hilaire
2%
153 63 Saint-Hilaire
2%
837 38 Saint-Honoré
2%
1299 26 Saint-Jean-de-Galaure
2%
821 1 Saint-Jean-de-Thurigneux
2%
690 63 Saint-Jean-d'Heurs
2%
878 42 Saint-Jean-Soleymieux
2%
6358 74 Saint-Jorioz
2%
1164 42 Saint-Julien-Molin-Molette
2%
857 1 Saint-Julien-sur-Veyle
2%
1910 69 Saint-Laurent-de-Chamousset
2%
5677 69 Saint-Laurent-de-Mure
2%
1702 1 Saint-Laurent-sur-Saône
2%
1418 7 Saint-Marcel-lès-Annonay
2%
6444 26 Saint-Marcel-lès-Valence
2%
1131 7 Saint-Martin-de-Valamas
2%
945 42 Saint-Martin-la-Sauveté
2%
5914 38 Saint-Martin-le-Vinoux
2%
4107 1 Saint-Maurice-de-Beynost
2%
1970 7 Saint-Montan
2%
989 38 Saint-Nicolas-de-Macherin
2%
511 73 Saint-Nicolas-la-Chapelle
2%
938 1 Saint-Nizier-le-Désert
2%
1688 63 Saint-Ours
2%
752 73 Saint-Ours
2%
2486 43 Saint-Paulien
2%
1892 26 Saint-Paul-lès-Romans
2%
9162 26 Saint-Paul-Trois-Châteaux
2%
1735 42 Saint-Pierre-de-Bœuf
2%
976 38 Saint-Pierre-de-Chartreuse
2%
494 73 Saint-Pierre-de-Curtille
2%
2636 69 Saint-Pierre-la-Palud
2%
519 7 Saint-Pierreville
2%
147 3 Saint-Priest-d'Andelot
2%
6182 42 Saint-Priest-en-Jarez
2%
1783 3 Saint-Rémy-en-Rollat
2%
1786 63 Saint-Rémy-sur-Durolle
2%
1510 26 Saint-Restitut
2%
602 69 Saint-Romain-en-Gier
2%
4164 42 Saint-Romain-le-Puy
2%
221 26 Saint-Roman
2%
1222 63 Saint-Saturnin
2%
208 15 Saint-Saturnin
2%
1148 63 Saint-Sauves-d'Auvergne
2%
336 3 Saint-Sauvier
2%
2291 26 Saint-Sorlin-en-Valloire
2%
791 73 Saint-Sulpice
2%
259 1 Saint-Sulpice
2%
88 63 Saint-Sulpice
2%
5906 69 Saint-Symphorien-d'Ozon
2%
575 38 Saint-Théoffrey
2%
481 7 Saint-Thomé
2%
1124 1 Saint-Trivier-de-Courtes
2%
1756 38 Saint-Vérand
2%
1222 69 Saint-Vérand
2%
2265 38 Saint-Victor-de-Cessieu
2%
262 63 Saint-Victor-Montvianeix
2%
327 15 Salers
2%
286 3 Sanssat
2%
303 63 Sardon
2%
680 3 Saulcet
2%
87 3 Sauvagny
2%
377 42 Sauvain
2%
540 63 Sauvessanges
2%
3523 42 Savigneux
2%
1457 1 Savigneux
2%
2042 69 Savigny
2%
1006 74 Savigny
2%
6516 74 Sciez
2%
9195 74 Scionzier
2%
2198 1 Ségny
2%
2282 1 Sergy
2%
585 63 Sermentizon
2%
1301 1 Servas
2%
2116 38 Seyssuel
2%
3079 69 Solaize
2%
829 38 Soleymieu
2%
145 38 Sousville
2%
1786 3 Souvigny
2%
2350 7 Soyons
2%
623 1 Sulignat
2%
601 63 Surat
2%
1192 38 Susville
2%
629 15 Talizat
2%
1544 63 Tallende
2%
2699 69 Taluyers
2%
737 63 Tauves
2%
1024 1 Tenay
2%
3175 43 Tence
2%
737 69 Ternand
2%
1361 69 Theizé
2%
6061 69 Thizy-les-Bourgs
2%
1672 1 Thoissey
2%
2058 73 Tignes
2%
7806 38 Tignieu-Jameyzieu
2%
1390 1 Tossiat
2%
389 3 Treban
2%
3088 73 Tresserve
2%
420 3 Trézelles
2%
497 63 Trézioux
2%
892 3 Tronget
2%
8525 42 Unieux
2%
219 63 Valcivières
2%
1636 73 Val-d'Isère
2%
4258 69 Val d'Oingt
2%
2474 7 Vallon-Pont-d'Arc
2%
3561 7 Vals-les-Bains
2%
3543 43 Vals-près-le-Puy
2%
648 1 Varambon
2%
1371 38 Vaulnaveys-le-Bas
2%
4063 38 Vaulnaveys-le-Haut
2%
2578 38 Vaulx-Milieu
2%
1253 1 Vaux-en-Bugey
2%
9107 42 Veauche
2%
1209 42 Veauchette
2%
534 63 Vensat
2%
927 42 Véranne
2%
1861 43 Vergongheon
2%
677 42 Vérin
2%
73 63 Verrières
2%
950 74 Vers
2%
2215 1 Versonnex
2%
670 74 Versonnex
2%
632 38 Vertrieu
2%
501 1 Vesancy
2%
1899 15 Vic-sur-Cère
2%
4492 38 Villard-de-Lans
2%
58 38 Villard-Reculas
2%
292 73 Villard-Sallet
2%
1321 3 Villefranche-d'Allier
2%
9149 74 Ville-la-Grand
2%
3135 7 Villeneuve-de-Berg
2%
1090 3 Villeneuve-sur-Allier
2%
401 1 Villes
2%
835 69 Ville-sur-Jarnioux
2%
380 63 Villossanges
2%
520 63 Viscomtat
2%
427 63 Viverols
2%
2342 73 Viviers-du-Lac
2%
1971 73 Voglans
2%
1096 7 Vogüé
2%
314 63 Vollore-Montagne
2%
732 63 Vollore-Ville
2%
3114 73 Yenne
2%
793 3 Ygrande
2%
1004 69 Yzeron
2%
468 42 Aboën
0%
385 7 Accons
0%
397 69 Affoux
0%
178 43 Agnat
0%
1192 38 Agnin
0%
321 3 Agonges
0%
569 7 Ailhon
0%
180 42 Ailleux
0%
1012 3 Ainay-le-Château
0%
1706 73 Aiton
0%
99 63 Aix-la-Fayette
0%
171 7 Aizac
0%
80 7 Ajoux
0%
245 15 Albepierre-Bredons
0%
148 73 Albiez-le-Jeune
0%
374 73 Albiez-Montrond
0%
2013 26 Albon
0%
164 7 Albon-d'Ardèche
0%
1140 74 Alex
0%
52 26 Aleyrac
0%
1499 7 Alissas
0%
1875 26 Allan
0%
806 15 Allanche
0%
891 43 Allègre
0%
227 15 Alleuze
0%
419 74 Allèves
0%
2563 26 Allex
0%
126 43 Alleyrac
0%
155 43 Alleyras
0%
4885 74 Allinges
0%
298 73 Allondaz
0%
2219 74 Allonzier-la-Caille
0%
610 15 Ally
0%
130 43 Ally
0%
2823 74 Amancy
0%
27 38 Ambel
0%
1806 1 Ambérieux-en-Dombes
0%
113 1 Ambléon
0%
108 26 Ambonil
0%
690 69 Ancy
0%
249 3 Andelaroche
0%
483 15 Andelat
0%
332 1 Andert-et-Condon
0%
999 74 Andilly
0%
381 15 Anglards-de-Saint-Flour
0%
731 15 Anglards-de-Salers
0%
1116 1 Anglefort
0%
1050 38 Anjou
0%
4218 26 Anneyron
0%
728 38 Annoisin-Chatelans
0%
127 15 Anterrieux
0%
1144 38 Anthon
0%
2345 74 Anthy-sur-Léman
0%
291 15 Antignac
0%
416 63 Antoingt
0%
175 63 Anzat-le-Luguet
0%
2644 26 Aouste-sur-Sye
0%
164 63 Apchat
0%
190 15 Apchon
0%
3562 38 Apprieu
0%
1000 73 Apremont
0%
379 1 Apremont
0%
1865 74 Arâches-la-Frasse
0%
330 1 Aranc
0%
147 1 Arandas
0%
622 43 Araules
0%
467 1 Arbigny
0%
678 1 Arboys en Bugey
0%
1159 74 Arbusigny
0%
388 7 Arcens
0%
2657 74 Archamps
0%
341 3 Archignat
0%
221 42 Arcinges
0%
112 42 Arcon
0%
596 63 Arconsat
0%
1270 7 Ardoix
0%
1938 74 Arenthon
0%
972 73 Argentine
0%
456 1 Argis
0%
3781 74 Argonay
0%
451 73 Arith
0%
331 7 Arlebosc
0%
147 43 Arlempdes
0%
23 43 Arlet
0%
30 1 Armix
0%
1456 74 Armoy
0%
185 15 Arnac
0%
23 26 Arnayon
0%
78 26 Arpavon
0%
363 3 Arpheuilles-Saint-Priest
0%
552 7 Arras-sur-Rhône
0%
385 3 Arronnes
0%
1230 43 Arsac-en-Velay
0%
232 63 Ars-les-Favets
0%
1867 38 Artas
0%
1229 1 Artemare
0%
1677 74 Arthaz-Pont-Notre-Dame
0%
627 26 Arthémonay
0%
530 42 Arthun
0%
936 63 Artonne
0%
729 1 Arvière-en-Valromey
0%
863 73 Arvillard
0%
76 1 Asnières-sur-Saône
0%
1679 38 Assieu
0%
48 7 Astet
0%
3365 1 Attignat
0%
579 73 Attignat-Oncin
0%
185 43 Aubazat
0%
82 26 Aubenasson
0%
378 38 Auberives-en-Royans
0%
1504 38 Auberives-sur-Varèze
0%
479 7 Aubignas
0%
429 26 Aubres
0%
16 26 Aucelon
0%
428 3 Audes
0%
194 63 Augnat
0%
963 63 Aulhat-Flat
0%
247 26 Aurel
0%
146 15 Auriac-l'Église
0%
382 63 Aurières
0%
184 38 Auris
0%
434 3 Aurouër
0%
711 73 Aussois
0%
695 63 Authezat
0%
135 26 Autichamp
0%
55 43 Autrac
0%
3172 38 Autrans-Méaudre en Vercors
0%
321 3 Autry-Issards
0%
49 43 Auvers
0%
2010 63 Auzat-la-Combelle
0%
391 63 Auzelles
0%
169 15 Auzers
0%
930 43 Auzon
0%
1141 69 Aveize
0%
1702 42 Aveizieux
0%
177 63 Avèze
0%
209 38 Avignonet
0%
542 73 Avressieux
0%
405 73 Avrieux
0%
138 3 Avrilly
0%
142 63 Ayat-sur-Sioule
0%
393 73 Ayn
0%
639 15 Ayrens
0%
2285 74 Ayse
0%
294 43 Azérat
0%
147 15 Badailhac
0%
112 63 Baffie
0%
4172 1 Bâgé-Dommartin
0%
1045 1 Bâgé-le-Châtel
0%
342 3 Bagneux
0%
765 69 Bagnols
0%
417 63 Bagnols
0%
1515 43 Bains
0%
1280 7 Baix
0%
2699 1 Balan
0%
378 7 Balazuc
0%
1516 74 Ballaison
0%
93 26 Ballons
0%
264 63 Bansat
0%
1147 26 Barbières
0%
112 43 Barges
0%
216 26 Barnave
0%
193 3 Barrais-Bussolles
0%
2042 38 Barraux
0%
64 26 Barret-de-Lioure
0%
137 15 Barriac-les-Bosquets
0%
144 26 Barsac
0%
4530 43 Bas-en-Basset
0%
346 63 Bas-et-Lezat
0%
5190 73 Bassens
0%
229 15 Bassignac
0%
428 74 Bassy
0%
240 26 Bathernay
0%
1071 1 Béard-Géovreissiat
0%
1871 7 Beauchastel
0%
21 38 Beaufin
0%
485 26 Beaufort-sur-Gervanne
0%
1652 3 Beaulon
0%
108 26 Beaumont-en-Diois
0%
313 63 Beaumont-lès-Randan
0%
4240 26 Beaumont-lès-Valence
0%
1360 26 Beaumont-Monteux
0%
298 3 Beaune-d'Allier
0%
209 43 Beaune-sur-Arzon
0%
691 1 Beaupont
0%
836 1 Beauregard
0%
910 26 Beauregard-Baret
0%
1572 63 Beauregard-l'Évêque
0%
1288 63 Beauregard-Vendon
0%
71 26 Beaurières
0%
1455 26 Beausemblant
0%
4150 69 Beauvallon
0%
1621 26 Beauvallon
0%
211 7 Beauvène
0%
1126 38 Beauvoir-de-Marc
0%
97 38 Beauvoir-en-Royans
0%
152 26 Beauvoisin
0%
3055 43 Beauzac
0%
3443 1 Béligneux
0%
708 73 Bellecombe-en-Bauges
0%
68 26 Bellecombe-Tarendol
0%
95 26 Bellegarde-en-Diois
0%
2036 42 Bellegarde-en-Forez
0%
1014 38 Bellegarde-Poussieu
0%
322 42 Belleroche
0%
1314 74 Bellevaux
0%
458 43 Bellevue-la-Montagne
0%
316 1 Belleydoux
0%
3905 1 Bellignat
0%
703 69 Belmont-d'Azergues
0%
1490 42 Belmont-de-la-Loire
0%
575 7 Belsentes
0%
76 26 Bénivay-Ollon
0%
312 1 Bénonces
0%
778 1 Bény
0%
44 43 Berbezit
0%
490 1 Béréziat
0%
324 63 Bergonne
0%
1435 74 Bernex
0%
3127 38 Bernin
0%
773 7 Berrias-et-Casteljau
0%
162 7 Berzème
0%
1286 26 Bésayes
0%
87 26 Bésignan
0%
496 43 Bessamorel
0%
367 73 Bessans
0%
227 7 Bessas
0%
1368 3 Bessay-sur-Allier
0%
1543 63 Besse-et-Saint-Anastaise
0%
471 42 Bessey
0%
107 38 Bessins
0%
779 3 Besson
0%
768 1 Bettant
0%
315 73 Betton-Bettonet
0%
295 63 Beurières
0%
1053 38 Bévenais
0%
70 26 Bézaudun-sur-Bîne
0%
948 3 Bézenet
0%
564 69 Bibost
0%
259 7 Bidon
0%
1627 38 Bilieu
0%
370 3 Billezois
0%
645 1 Billiat
0%
265 73 Billième
0%
812 3 Billy
0%
328 63 Biollet
0%
288 1 Birieux
0%
2394 38 Biviers
0%
304 3 Bizeneuille
0%
920 1 Biziat
0%
1020 38 Bizonnes
0%
1672 69 Blacé
0%
155 38 Blandin
0%
415 43 Blanzac
0%
139 43 Blassac
0%
1754 43 Blavozy
0%
244 3 Blomard
0%
449 63 Blot-l'Église
0%
610 74 Bloye
0%
394 74 Bluffy
0%
1303 1 Blyes
0%
629 7 Boffres
0%
1157 74 Bogève
0%
459 7 Bogy
0%
971 1 Bohas-Meyriat-Rignat
0%
384 1 Boissey
0%
92 1 Bolozon
0%
434 63 Bongheat
0%
480 26 Bonlieu-sur-Roubion
0%
167 15 Bonnac
0%
1121 38 Bonnefamille
0%
77 43 Bonneval
0%
268 73 Bonneval-sur-Arc
0%
288 74 Bonnevaux
0%
5915 74 Bons-en-Chablais
0%
367 73 Bonvillard
0%
147 73 Bonvillaret
0%
151 7 Borée
0%
413 43 Borne
0%
49 7 Borne
0%
722 63 Bort-l'Étang
0%
1020 74 Bossey
0%
315 38 Bossieu
0%
185 3 Bost
0%
505 3 Boucé
0%
1537 26 Bouchet
0%
259 7 Boucieu-le-Roi
0%
287 63 Boudes
0%
1410 38 Bougé-Chambalud
0%
158 26 Boulc
0%
338 1 Bouligneux
0%
152 73 Bourget-en-Huile
0%
705 73 Bourgneuf
0%
1517 1 Bourg-Saint-Christophe
0%
1028 43 Bournoncle-Saint-Pierre
0%
524 74 Boussy
0%
213 26 Bouvante
0%
1551 38 Bouvesse-Quirieu
0%
154 26 Bouvières
0%
201 42 Boyer
0%
355 1 Boyeux-Saint-Jérôme
0%
530 1 Boz
0%
261 7 Bozas
0%
1934 73 Bozel
0%
76 15 Brageac
0%
262 3 Braize
0%
641 38 Brangues
0%
535 3 Bransat
0%
505 1 Brénod
0%
1166 1 Brens
0%
1123 74 Brenthonne
0%
391 3 Bresnay
0%
2406 1 Bresse Vallons
0%
94 38 Bressieux
0%
37 26 Brette
0%
2251 38 Brézins
0%
184 15 Brezons
0%
504 73 Brides-les-Bains
0%
2579 38 Brié-et-Angonnes
0%
1754 42 Briennon
0%
269 63 Briffons
0%
577 1 Brion
0%
149 38 Brion
0%
1114 1 Briord
0%
482 74 Brizon
0%
1008 63 Bromont-Lamothe
0%
258 7 Brossainc
0%
334 63 Brousse
0%
833 69 Brullioles
0%
1478 69 Brussieu
0%
1889 1 Buellas
0%
560 63 Bulhon
0%
458 38 Burcin
0%
393 42 Burdignes
0%
696 74 Burdignin
0%
532 7 Burzet
0%
223 63 Busséol
0%
540 42 Bussy-Albieux
0%
1034 3 Buxières-les-Mines
0%
237 63 Buxières-sous-Montaigut
0%
313 42 Caloire
0%
373 15 Carlat
0%
521 15 Cassaniouze
0%
719 43 Cayres
0%
308 15 Cayrols
0%
482 43 Céaux-d'Allègre
0%
271 1 Ceignes
0%
174 63 Ceilloux
0%
1675 63 Celles-sur-Durolle
0%
88 7 Cellier-du-Luc
0%
1724 42 Cellieu
0%
61 15 Celoux
0%
386 69 Cenves
0%
723 74 Cercier
0%
1328 3 Cérilly
0%
1128 74 Cernex
0%
1553 1 Certines
0%
1266 74 Cervens
0%
112 42 Cervières
0%
212 43 Cerzat
0%
437 73 Césarches
0%
437 3 Cesset
0%
714 73 Cevins
0%
446 43 Ceyssac
0%
3265 1 Ceyzériat
0%
1020 1 Ceyzérieu
0%
218 42 Cezay
0%
218 15 Cézens
0%
4294 69 Chabanière
0%
765 26 Chabrillan
0%
447 63 Chadeleuf
0%
345 43 Chadron
0%
520 42 Chagnon
0%
634 42 Chalain-d'Uzore
0%
732 42 Chalain-le-Comtal
0%
2612 1 Chalamont
0%
59 26 Chalancon
0%
1433 1 Chaleins
0%
345 7 Chalencon
0%
125 1 Chaley
0%
149 15 Chaliers
0%
194 1 Challes-la-Montagne
0%
559 74 Challonges
0%
458 42 Chalmazel-Jeansagnière
0%
182 63 Chalus
0%
479 15 Chalvignac
0%
1765 38 Chamagnieu
0%
506 43 Chamalières-sur-Loire
0%
132 26 Chamaloc
0%
529 26 Chamaret
0%
1832 63 Chambaron sur Morge
0%
645 42 Chambéon
0%
302 3 Chambérat
0%
126 43 Chambezon
0%
1848 42 Chambœuf
0%
971 7 Chambonas
0%
146 63 Chambon-sur-Dolore
0%
842 69 Chambost-Allières
0%
947 69 Chambost-Longessaigne
0%
706 69 Chamelet
0%
610 73 Chamousset
0%
971 73 Chamoux-sur-Gelon
0%
195 43 Champagnac-le-Vieux
0%
153 63 Champagnat-le-Jeune
0%
852 1 Champagne-en-Valromey
0%
701 73 Champagneux
0%
577 73 Champagny-en-Vanoise
0%
1160 74 Champanges
0%
208 43 Champclause
0%
652 1 Champdor-Corcelles
0%
279 63 Champétières
0%
747 1 Champfromier
0%
1477 38 Champier
0%
626 7 Champis
0%
32 73 Champ-Laurent
0%
326 42 Champoly
0%
1030 15 Champs-sur-Tarentaine-Marchal
0%
3288 38 Champ-sur-Drac
0%
183 43 Chanaleilles
0%
2732 38 Chanas
0%
960 63 Chanat-la-Mouteyre
0%
652 1 Chanay
0%
538 7 Chandolas
0%
1505 42 Chandon
0%
266 7 Chanéac
0%
982 1 Chaneins
0%
683 42 Changy
0%
166 43 Chaniat
0%
1750 63 Chanonat
0%
1181 26 Chanos-Curson
0%
940 1 Chanoz-Châtenay
0%
247 26 Chantemerle-lès-Grignan
0%
203 38 Chantepérier
0%
105 15 Chanterelle
0%
371 38 Chantesse
0%
432 43 Chanteuges
0%
3081 38 Chapareillan
0%
1144 63 Chapdes-Beaufort
0%
244 3 Chapeau
0%
964 74 Chapeiry
0%
516 63 Chaptuzat
0%
789 38 Charancieu
0%
2037 38 Charantonnay
0%
935 63 Charbonnier-les-Mines
0%
375 3 Chareil-Cintrat
0%
28 26 Charens
0%
485 63 Charensat
0%
1320 69 Charentay
0%
460 38 Charette
0%
289 1 Charix
0%
84 15 Charmensac
0%
889 26 Charmes-sur-l'Herbasse
0%
922 7 Charnas
0%
209 63 Charnat
0%
1432 38 Charnècles
0%
948 26 Charols
0%
1553 26 Charpey
0%
71 43 Charraix
0%
10278 38 Charvieu-Chavagneux
0%
1482 74 Charvonnex
0%
890 43 Chaspinhac
0%
824 43 Chaspuzac
0%
82 63 Chassagne
0%
156 43 Chassagnes
0%
2898 69 Chasselay
0%
408 38 Chasselay
0%
1050 3 Chassenard
0%
1056 7 Chassiers
0%
227 38 Chassignieu
0%
69 43 Chassignolles
0%
124 43 Chastel
0%
44 26 Chastel-Arnaud
0%
232 63 Chastreix
0%
273 38 Château-Bernard
0%
246 7 Châteaubourg
0%
596 26 Châteaudouble
0%
2303 1 Château-Gaillard
0%
105 26 Châteauneuf-de-Bordette
0%
270 7 Châteauneuf-de-Vernoux
0%
2836 26 Châteauneuf-du-Rhône
0%
331 63 Châteauneuf-les-Bains
0%
179 3 Château-sur-Allier
0%
70 63 Château-sur-Cher
0%
767 38 Châteauvilain
0%
501 38 Châtel-en-Trièves
0%
326 3 Châtel-Montagne
0%
362 42 Châtelneuf
0%
138 3 Châtelperron
0%
141 42 Châtelus
0%
104 3 Châtelus
0%
98 38 Châtelus
0%
443 38 Châtenay
0%
367 1 Châtenay
0%
670 26 Châtillon-en-Diois
0%
1682 1 Châtillon-la-Palud
0%
1338 26 Châtillon-Saint-Jean
0%
1232 74 Châtillon-sur-Cluses
0%
2048 38 Châtonnay
0%
6265 26 Chatuzange-le-Goubet
0%
62 26 Chaudebonne
0%
125 43 Chaudeyrolles
0%
1234 69 Chaussan
0%
223 15 Chaussenac
0%
219 42 Chausseterre
0%
42 26 Chauvac-Laux-Montaux
0%
431 7 Chauzon
0%
2935 42 Chavanay
0%
273 43 Chavaniac-Lafayette
0%
250 74 Chavannaz
0%
749 26 Chavannes
0%
773 1 Chavannes-sur-Reyssouze
0%
2974 74 Chavanod
0%
5027 38 Chavanoz
0%
526 63 Chavaroux
0%
139 3 Chavenon
0%
1063 1 Chaveyriat
0%
254 3 Chavroches
0%
149 7 Chazeaux
0%
505 3 Chazemais
0%
1650 1 Chazey-sur-Ain
0%
135 1 Cheignieu-la-Balme
0%
746 38 Chélieu
0%
633 3 Chemilly
0%
413 7 Cheminas
0%
555 69 Chénas
0%
524 74 Chêne-en-Semine
0%
356 69 Chénelette
0%
530 42 Chenereilles
0%
322 43 Chenereilles
0%
821 74 Chênex
0%
2912 74 Chens-sur-Léman
0%
567 42 Cherier
0%
231 74 Chessenaz
0%
2169 69 Chessy
0%
199 74 Chevaline
0%
685 74 Chevenoz
0%
159 1 Chevillard
0%
596 69 Chevinay
0%
645 74 Chevrier
0%
1183 42 Chevrières
0%
757 38 Chevrières
0%
981 1 Chevroux
0%
2276 1 Chevry
0%
228 15 Cheylade
0%
1052 38 Cheyssieu
0%
166 3 Chezelle
0%
662 38 Chèzeneuve
0%
226 3 Chézy
0%
544 63 Chidrac
0%
953 73 Chignin
0%
170 43 Chilhac
0%
1531 74 Chilly
0%
408 42 Chirassimont
0%
130 3 Chirat-l'Église
0%
2478 38 Chirens
0%
237 7 Chirols
0%
391 69 Chiroubles
0%
363 38 Cholonge
0%
467 43 Chomelix
0%
3178 7 Chomérac
0%
1738 38 Chonas-l'Amballan
0%
126 38 Choranche
0%
1070 38 Chozeau
0%
784 42 Chuyer
0%
2345 38 Chuzelles
0%
300 3 Cindré
0%
471 63 Cisternes-la-Forêt
0%
135 43 Cistrières
0%
1468 42 Civens
0%
185 1 Cize
0%
538 26 Clansayes
0%
1063 74 Clarafond-Arcine
0%
99 38 Clavans-en-Haut-Oisans
0%
899 26 Claveyson
0%
215 15 Clavières
0%
541 38 Clelles
0%
125 63 Clémensat
0%
998 26 Cléon-d'Andran
0%
532 42 Cleppé
0%
2085 26 Clérieux
0%
645 63 Clerlande
0%
401 73 Cléry
0%
140 1 Cleyzieu
0%
632 26 Cliousclat
0%
1533 38 Clonas-sur-Varèze
0%
175 26 Cobonne
0%
39 38 Cognet
0%
643 38 Cognin-les-Gorges
0%
1233 69 Cogny
0%
898 43 Cohade
0%
155 73 Cohennoz
0%
1307 73 Coise-Saint-Jean-Pied-Gauthier
0%
167 15 Collandres
0%
159 63 Collanges
0%
76 43 Collat
0%
4089 74 Collonges-sous-Salève
0%
331 7 Colombier-le-Cardinal
0%
577 7 Colombier-le-Jeune
0%
674 7 Colombier-le-Vieux
0%
2787 69 Colombier-Saugnieu
0%
161 1 Colomieu
0%
561 26 Colonzelle
0%
442 15 Coltines
0%
475 26 Combovin
0%
223 63 Combrailles
0%
430 42 Combre
0%
3106 42 Commelle-Vernay
0%
131 63 Compains
0%
149 26 Comps
0%
135 1 Conand
0%
473 1 Condamine
0%
1014 15 Condat
0%
417 63 Condat-en-Combraille
0%
235 63 Condat-lès-Montboissier
0%
138 26 Condillac
0%
504 26 Condorcet
0%
704 1 Confort
0%
1370 1 Confrançon
0%
213 73 Conjux
0%
134 43 Connangles
0%
756 74 Contamine-Sarzin
0%
2406 74 Contamine-sur-Arve
0%
587 3 Contigny
0%
510 1 Contrevoz
0%
151 1 Conzieu
0%
1266 74 Copponex
0%
1306 1 Corbonod
0%
992 69 Corcelles-en-Beaujolais
0%
949 42 Cordelle
0%
1010 74 Cordon
0%
775 63 Corent
0%
117 1 Corlier
0%
1195 1 Cormoranche-sur-Saône
0%
710 1 Cormoz
0%
1405 74 Cornier
0%
91 26 Cornillac
0%
167 38 Cornillon-en-Trièves
0%
75 26 Cornillon-sur-l'Oule
0%
617 1 Corveissiat
0%
552 43 Costaros
0%
759 42 Cottance
0%
5723 38 Coublevie
0%
3298 43 Coubon
0%
792 7 Coucouron
0%
695 3 Coulandon
0%
313 3 Coulanges
0%
603 3 Couleuvre
0%
320 3 Courçais
0%
947 38 Cour-et-Buis
0%
62 63 Courgoul
0%
514 1 Courmangoux
0%
239 63 Cournols
0%
1306 38 Courtenay
0%
302 1 Courtes
0%
1192 69 Courzieu
0%
161 3 Coutansouze
0%
301 43 Couteuges
0%
1102 42 Coutouvre
0%
584 38 Crachier
0%
881 15 Crandelles
0%
308 1 Crans
0%
7239 74 Cranves-Sales
0%
444 38 Cras
0%
445 3 Créchy
0%
935 42 Cremeaux
0%
332 74 Crempigny-Bonneguête
0%
547 26 Crépol
0%
400 1 Cressin-Rochefort
0%
3437 38 Crêts en Belledonne
0%
1247 3 Creuzier-le-Neuf
0%
3385 3 Creuzier-le-Vieux
0%
983 63 Crevant-Laveine
0%
159 7 Creysseilles
0%
310 42 Croizet-sur-Gand
0%
71 43 Cronce
0%
167 63 Cros
0%
153 7 Cros-de-Géorand
0%
191 15 Cros-de-Montvert
0%
147 15 Cros-de-Ronesque
0%
1836 1 Crottet
0%
675 26 Crozes-Hermitage
0%
3135 7 Cruas
0%
1064 73 Cruet
0%
101 26 Crupies
0%
4981 74 Cruseilles
0%
943 1 Cruzilles-lès-Mépillat
0%
153 43 Cubelles
0%
1320 69 Cublize
0%
722 42 Cuinzier
0%
1158 63 Culhat
0%
775 38 Culin
0%
3048 1 Culoz-Béon
0%
449 1 Curciat-Dongalon
0%
692 73 Curienne
0%
1208 69 Curis-au-Mont-d'Or
0%
209 26 Curnier
0%
783 1 Curtafond
0%
129 15 Cussac
0%
1707 43 Cussac-sur-Loire
0%
1641 74 Cuvat
0%
4819 1 Dagneux
0%
261 7 Darbres
0%
533 42 Dargoire
0%
71 63 Dauzat-sur-Vodable
0%
612 63 Davayat
0%
164 42 Débats-Rivière-d'Orpra
0%
368 3 Deneuille-les-Mines
0%
1607 69 Denicé
0%
1176 7 Désaignes
0%
59 43 Desges
0%
801 74 Desingy
0%
439 73 Détrier
0%
1967 69 Deux-Grosnes
0%
53 15 Deux-Verges
0%
307 7 Devesset
0%
193 69 Dième
0%
266 15 Dienne
0%
755 74 Dingy-en-Vuache
0%
1492 74 Dingy-Saint-Clair
0%
744 26 Divajeu
0%
846 38 Dizimieu
0%
907 38 Doissin
0%
857 42 Doizieux
0%
2312 74 Domancy
0%
1726 38 Domarin
0%
6741 38 Domène
0%
179 43 Domeyrat
0%
1214 1 Dompierre-sur-Veyle
0%
64 7 Dompnac
0%
512 1 Domsure
0%
177 63 Doranges
0%
735 63 Dorat
0%
214 7 Dornas
0%
1939 1 Dortan
0%
99 73 Doucy-en-Bauges
0%
3713 74 Doussard
0%
6772 74 Douvaine
0%
1123 1 Douvres
0%
1051 69 Dracé
0%
918 74 Draillant
0%
158 74 Droisy
0%
367 3 Droiturier
0%
219 1 Drom
0%
336 15 Drugeac
0%
1168 1 Druillat
0%
855 69 Duerne
0%
1046 74 Duingt
0%
488 73 Dullin
0%
2727 43 Dunières
0%
447 7 Dunière-sur-Eyrieux
0%
1420 3 Durdat-Larequille
0%
218 63 Durmignat
0%
1929 69 Échalas
0%
781 1 Échallon
0%
261 63 Échandelys
0%
2198 1 Échenevex
0%
60 26 Échevis
0%
1068 7 Eclassan
0%
1496 38 Eclose-Badinières
0%
529 42 Écoche
0%
312 73 École
0%
1283 42 Écotay-l'Olme
0%
344 63 Égliseneuve-d'Entraigues
0%
158 63 Égliseneuve-des-Liards
0%
873 63 Égliseneuve-près-Billom
0%
277 63 Églisolles
0%
951 74 Éloise
0%
285 69 Émeringes
0%
620 7 Empurany
0%
462 38 Engins
0%
709 63 Entraigues
0%
226 38 Entraigues
0%
1908 38 Entre-deux-Guiers
0%
649 73 Entremont-le-Vieux
0%
213 74 Entrevernes
0%
8473 74 Epagny Metz-Tessy
0%
772 42 Épercieux-Saint-Paul
0%
784 73 Épierre
0%
1544 26 Épinouze
0%
85 15 Escorailles
0%
340 43 Espalem
0%
1143 26 Espeluche
0%
181 26 Espenel
0%
98 63 Espinchal
0%
444 63 Espirat
0%
131 43 Esplantas-Vazeilles
0%
498 42 Essertines-en-Donzy
0%
522 74 Essert-Romand
0%
778 73 Esserts-Blay
0%
23 26 Establet
0%
505 63 Estandeuil
0%
57 63 Esteil
0%
3694 38 Estrablin
0%
956 7 Étables
0%
2105 74 Etaux
0%
902 74 Étercy
0%
2641 74 Étrembières
0%
1443 26 Eurre
0%
1199 69 Éveux
0%
147 1 Évosges
0%
1248 74 Excenevex
0%
548 38 Eydoche
0%
90 26 Eygalayes
0%
122 26 Eygaliers
0%
70 26 Eygluy-Escoulin
0%
1068 26 Eymeux
0%
23 26 Eyroles
0%
154 26 Eyzahut
0%
2453 38 Eyzin-Pinet
0%
452 7 Fabras
0%
1115 38 Faramans
0%
855 1 Faramans
0%
1072 1 Farges
0%
1384 42 Farnay
0%
667 74 Faucigny
0%
96 7 Faugères
0%
7814 74 Faverges-Seythenex
0%
379 63 Fayet-le-Château
0%
111 63 Fayet-Ronaye
0%
180 26 Fay-le-Clos
0%
366 43 Fay-sur-Lignon
0%
1833 74 Feigères
0%
178 73 Feissons-sur-Salins
0%
1803 7 Félines
0%
324 43 Félines
0%
87 26 Félines-sur-Rimandoule
0%
135 63 Fernoël
0%
124 26 Ferrassières
0%
250 15 Ferrières-Saint-Mary
0%
543 3 Ferrières-sur-Sichon
0%
82 43 Ferrussac
0%
1058 74 Fessy
0%
1506 74 Féternes
0%
9781 74 Fillière
0%
3596 74 Fillinges
0%
142 43 Fix-Saint-Geneys
0%
550 38 Flachères
0%
1257 7 Flaviac
0%
68 1 Flaxieu
0%
350 3 Fleuriel
0%
2335 69 Fleurieux-sur-l'Arbresle
0%
335 7 Fons
0%
694 42 Fontanès
0%
203 15 Fontanges
0%
3439 38 Fontanil-Cornillon
0%
1108 43 Fontannes
0%
493 73 Fontcouverte-la-Toussuire
0%
708 73 Fourneaux
0%
593 42 Fourneaux
0%
325 63 Fournols
0%
1619 1 Francheleins
0%
491 3 Franchesse
0%
194 26 Francillon-sur-Roubion
0%
571 74 Franclens
0%
2086 74 Frangy
0%
229 15 Freix-Anglards
0%
104 73 Freney
0%
626 73 Fréterive
0%
107 43 Freycenet-la-Cuche
0%
114 43 Freycenet-la-Tour
0%
47 7 Freyssenet
0%
95 15 Fridefont
0%
3418 38 Froges
0%
863 69 Frontenas
0%
1991 73 Frontenex
0%
2175 38 Frontonas
0%
183 43 Frugières-le-Pin
0%
724 3 Garnat-sur-Engièvre
0%
681 1 Garnerans
0%
1001 63 Gelles
0%
283 7 Genestelle
0%
3953 42 Genilac
0%
2468 26 Génissieux
0%
653 3 Gennetines
0%
674 1 Genouilleux
0%
871 1 Géovreisset
0%
446 73 Gerbaix
0%
556 26 Gervans
0%
733 26 Geyssans
0%
552 74 Giez
0%
254 63 Gignat
0%
218 26 Gigors-et-Lozeron
0%
181 7 Gilhac-et-Bruzac
0%
468 7 Gilhoc-sur-Ormèze
0%
1051 38 Gillonnay
0%
3141 73 Gilly-sur-Isère
0%
403 63 Gimeaux
0%
773 15 Giou-de-Mamou
0%
240 3 Gipcy
0%
77 15 Girgols
0%
178 1 Giron
0%
600 63 Glaine-Montaigut
0%
119 26 Glandage
0%
174 15 Glénat
0%
1859 74 Glières-Val-de-Borne
0%
371 7 Gluiras
0%
711 7 Glun
0%
2522 38 Goncelin
0%
813 1 Gorrevod
0%
62 43 Goudet
0%
223 3 Gouise
0%
63 15 Gourdièges
0%
84 7 Gourdon
0%
339 63 Gouttières
0%
143 42 Graix
0%
904 42 Grammond
0%
3927 73 Grand-Aigueblanche
0%
189 1 Grand-Corent
0%
54 63 Grandeyrolles
0%
208 63 Grandrif
0%
1205 69 Grandris
0%
122 63 Grandval
0%
2059 26 Grane
0%
902 26 Granges-les-Beaumont
0%
519 38 Granieu
0%
640 7 Gras
0%
532 7 Gravières
0%
1131 43 Grazac
0%
113 43 Grenier-Montgon
0%
380 38 Gresse-en-Vercors
0%
1241 73 Grésy-sur-Isère
0%
197 43 Grèzes
0%
6144 69 Grézieu-la-Varenne
0%
840 69 Grézieu-le-Marché
0%
258 42 Grézieux-le-Fromental
0%
250 42 Grézolles
0%
1936 1 Grièges
0%
2137 73 Grignon
0%
1291 1 Groissiat
0%
4092 74 Groisy
0%
1279 1 Groslée-Saint-Benoit
0%
932 7 Grospierres
0%
1571 74 Gruffy
0%
1516 1 Guéreins
0%
20 26 Gumiane
0%
1080 74 Habère-Lullin
0%
1501 74 Habère-Poche
0%
875 3 Haut-Bocage
0%
310 73 Hautecour
0%
784 1 Hautecourt-Romanèche
0%
1931 26 Hauterives
0%
1460 69 Haute-Rivoire
0%
1072 74 Hauteville-sur-Fier
0%
634 1 Haut Valromey
0%
1393 38 Herbeys
0%
616 3 Hérisson
0%
238 63 Herment
0%
1011 74 Héry-sur-Alby
0%
111 63 Heume-l'Église
0%
1187 38 Hières-sur-Amby
0%
1025 26 Hostun
0%
1330 38 Huez
0%
214 38 Hurtières
0%
320 3 Hyds
0%
702 1 Illiat
0%
1150 1 Injoux-Génissiat
0%
87 1 Innimond
0%
286 3 Isle-et-Bardais
0%
93 7 Issamoulenc
0%
103 7 Issanlas
0%
565 3 Isserpent
0%
420 63 Isserteaux
0%
2184 38 Izeaux
0%
156 1 Izenave
0%
2327 1 Izernore
0%
760 38 Izeron
0%
11 26 Izon-la-Bruisse
0%
160 15 Jabrun
0%
4094 73 Jacob-Bellecombette
0%
922 26 Jaillans
0%
378 15 Jaleyrac
0%
1835 38 Janneyrias
0%
1109 38 Jarcieu
0%
422 42 Jarnosse
0%
506 73 Jarrier
0%
270 73 Jarsy
0%
125 7 Jaunac
0%
184 43 Javaugues
0%
149 43 Jax
0%
1261 1 Jayat
0%
301 7 Joannas
0%
1043 63 Job
0%
26 26 Jonchères
0%
287 73 Jongieux
0%
853 74 Jonzier-Épagny
0%
1241 42 Jonzieux
0%
84 43 Josat
0%
391 1 Journans
0%
151 15 Joursac
0%
98 15 Jou-sous-Monjou
0%
766 69 Joux
0%
1769 7 Joyeuse
0%
269 1 Joyeux
0%
1163 63 Joze
0%
562 63 Jozerand
0%
445 43 Jullianges
0%
304 15 Junhac
0%
255 42 Juré
0%
2092 15 Jussac
0%
641 74 Juvigny
0%
178 7 Juvinas
0%
5259 74 La Balme-de-Sillingy
0%
460 74 La Balme-de-Thuy
0%
1137 38 La Balme-les-Grottes
0%
318 7 Labastide-de-Virac
0%
264 7 Labastide-sur-Bésorgues
0%
2166 73 La Bâthie
0%
201 7 Labatie-d'Andaure
0%
2 26 La Bâtie-des-Fonds
0%
1057 26 La Bâtie-Rolland
0%
522 73 La Bauche
0%
328 74 La Baume
0%
460 26 La Baume-Cornillane
0%
942 26 La Baume-de-Transit
0%
600 26 La Baume-d'Hostun
0%
685 7 Labeaume
0%
1702 26 La Bégude-de-Mazenc
0%
432 42 La Bénisson-Dieu
0%
821 1 L'Abergement-Clémenciat
0%
268 1 L'Abergement-de-Varey
0%
300 15 Labesserette
0%
68 63 Labessette
0%
103 43 La Besseyre-Saint-Mary
0%
2251 7 Lablachère
0%
106 26 Laborel
0%
151 7 Laboule
0%
1269 73 La Bridoire
0%
500 15 Labrousse
0%
3400 38 La Buisse
0%
776 38 La Buissière
0%
93 1 La Burbanche
0%
59 15 Lacapelle-Barrès
0%
379 15 Lacapelle-del-Fraisse
0%
522 15 Lacapelle-Viescamp
0%
412 3 La Celle
0%
79 63 La Celle
0%
164 63 La Cellette
0%
186 3 La Chabanne
0%
48 42 La Chamba
0%
40 42 La Chambonie
0%
58 7 Lachamp-Raphaël
0%
345 63 La Chapelle-Agnon
0%
202 3 La Chapelle-aux-Chasses
0%
48 43 La Chapelle-Bertin
0%
600 73 La Chapelle-Blanche
0%
258 15 La Chapelle-d'Alagnon
0%
1101 43 La Chapelle-d'Aurec
0%
779 38 La Chapelle-de-Surieu
0%
582 38 La Chapelle-du-Bard
0%
403 1 La Chapelle-du-Châtelard
0%
141 42 La Chapelle-en-Lafaye
0%
857 26 La Chapelle-en-Vercors
0%
111 43 La Chapelle-Geneste
0%
191 7 Lachapelle-Graillouse
0%
253 15 La Chapelle-Laurent
0%
69 63 La Chapelle-Marcousse
0%
267 74 La Chapelle-Rambaud
0%
148 73 La Chapelle-Saint-Martin
0%
113 74 La Chapelle-Saint-Maurice
0%
1747 7 Lachapelle-sous-Aubenas
0%
169 7 Lachapelle-sous-Chanéac
0%
585 69 La Chapelle-sur-Coise
0%
84 63 La Chapelle-sur-Usson
0%
550 42 La Chapelle-Villars
0%
26 26 La Charce
0%
1233 69 Lachassagne
0%
35 26 La Chaudière
0%
118 63 La Chaulme
0%
283 63 Lachaux
0%
769 73 La Chavanne
0%
157 43 La Chomette
0%
727 38 La Combe-de-Lancey
0%
271 73 La Compôte
0%
361 74 La Côte-d'Arbroz
0%
65 42 La Côte-en-Couzan
0%
1189 26 La Coucourde
0%
392 73 La Croix-de-la-Rochette
0%
269 63 La Crouzille
0%
457 15 Ladinhac
0%
81 43 Lafarre
0%
41 7 Lafarre
0%
607 15 Lafeuillade-en-Vézie
0%
475 38 Laffrey
0%
464 38 La Flachère
0%
229 74 La Forclaz
0%
331 63 La Forie
0%
336 38 La Forteresse
0%
4755 42 La Fouillouse
0%
1117 38 La Frette
0%
101 38 La Garde
0%
1153 26 La Garde-Adhémar
0%
289 42 La Gimond
0%
16 63 La Godivelle
0%
1203 7 Lagorce
0%
634 63 La Goutelle
0%
5137 42 La Grand-Croix
0%
888 42 La Gresle
0%
124 3 La Guillermie
0%
717 73 Laissaud
0%
1336 1 Laiz
0%
766 26 La Laupie
0%
2651 73 La Léchère
0%
197 38 Lalley
0%
380 7 Lalouvesc
0%
234 3 Lamaids
0%
1699 63 La Monnerie-le-Montel
0%
123 15 La Monselie
0%
653 63 Lamontgie
0%
138 38 La Morte
0%
852 43 Lamothe
0%
1739 38 La Motte-d'Aveillans
0%
521 73 La Motte-en-Bauges
0%
197 26 La Motte-Fanjas
0%
462 38 La Motte-Saint-Martin
0%
1082 74 La Muraz
0%
1926 38 La Murette
0%
212 7 Lanarce
0%
490 7 Lanas
0%
1064 69 Lancié
0%
95 15 Landeyrat
0%
231 63 Landogne
0%
896 43 Landos
0%
822 73 Landry
0%
3528 43 Langeac
0%
276 3 Langy
0%
1403 15 Lanobre
0%
280 1 Lantenay
0%
877 69 Lantignié
0%
1984 43 Lantriac
0%
99 26 La Penne-sur-l'Ouvèze
0%
168 3 La Petite-Marche
0%
1226 26 Lapeyrouse-Mornay
0%
103 15 Lapeyrugue
0%
3959 73 La Plagne Tarentaise
0%
1774 43 Lapte
0%
132 63 La Renaudie
0%
251 26 La Répara-Auriples
0%
743 38 La Rivière
0%
485 74 La Rivière-Enverse
0%
3521 26 La Roche-de-Glun
0%
11537 74 La Roche-sur-Foron
0%
177 26 La Roche-sur-Grane
0%
294 26 La Roche-sur-le-Buis
0%
65 7 La Rochette
0%
58 26 La Rochette-du-Buis
0%
288 63 Larodde
0%
820 15 Laroquebrou
0%
355 15 Laroquevieille
0%
1632 74 Larringes
0%
73 38 La Salette-Fallavaux
0%
350 38 La Salle-en-Beaumont
0%
286 15 Lascelle
0%
1505 43 La Séauve-sur-Semène
0%
136 15 La Ségalassière
0%
598 38 La Sône
0%
384 7 La Souche
0%
115 15 Lastic
0%
105 63 Lastic
0%
1017 38 La Sure en Chartreuse
0%
431 73 La Table
0%
2619 38 La Terrasse
0%
780 42 La Terrasse-sur-Dorlay
0%
1047 74 Lathuile
0%
347 73 La Thuile
0%
269 26 La Touche
0%
662 63 La Tour-d'Auvergne
0%
1500 42 La Tour-en-Jarez
0%
1102 73 La Tour-en-Maurienne
0%
640 42 La Tourette
0%
291 1 La Tranclière
0%
51 15 La Trinitat
0%
358 73 La Trinité
0%
287 42 La Tuilière
0%
1059 7 Laurac-en-Vivarais
0%
90 15 Laurie
0%
1033 43 Laussonne
0%
117 26 Laval-d'Aix
0%
155 38 Lavaldens
0%
1026 38 Laval-en-Belledonne
0%
67 38 La Valette
0%
1108 42 La Valla-en-Gier
0%
103 42 La Valla-sur-Rochefort
0%
65 43 Laval-sur-Doulon
0%
151 38 Lavars
0%
256 43 Lavaudieu
0%
1161 3 Lavault-Sainte-Anne
0%
133 15 Laveissenet
0%
527 15 Laveissière
0%
331 74 La Vernaz
0%
384 42 La Versanne
0%
1260 26 Laveyron
0%
105 7 Laveyrune
0%
108 15 Lavigerie
0%
43 7 Lavillatte
0%
2280 7 Lavilledieu
0%
103 7 Laviolle
0%
151 3 Lavoine
0%
136 1 Lavours
0%
272 43 Lavoûte-Chilhac
0%
847 43 Lavoûte-sur-Loire
0%
260 7 Le Béage
0%
486 42 Le Bessat
0%
644 38 Le Bouchage
0%
209 3 Le Bouchaud
0%
259 74 Le Bouchet-Mont-Charvin
0%
287 43 Le Bouchet-Saint-Nicolas
0%
329 3 Le Brethon
0%
549 69 Le Breuil
0%
542 3 Le Breuil
0%
1134 63 Le Breuil-sur-Couze
0%
624 43 Le Brignon
0%
677 63 Le Broc
0%
249 63 Le Brugeron
0%
649 42 Le Cergne
0%
41 26 Le Chaffal
0%
1246 38 Le Champ-près-Froges
0%
704 73 Le Châtelard
0%
3004 7 Le Cheylard
0%
2524 38 Le Cheylas
0%
169 15 Le Claux
0%
531 7 Le Crestet
0%
120 15 Le Falgoux
0%
28 15 Le Fau
0%
252 38 Le Freney-d'Oisans
0%
699 69 Légny
0%
3137 38 Le Grand-Lemps
0%
953 26 Le Grand-Serre
0%
1819 38 Le Gua
0%
420 38 Le Haut-Bréda
0%
371 42 Leigneux
0%
257 7 Le Lac-d'Issarlès
0%
159 43 Le Mas-de-Tence
0%
1786 43 Le Monastier-sur-Gazeille
0%
699 43 Le Monteil
0%
292 15 Le Monteil
0%
309 1 Le Montellier
0%
267 38 Le Moutaret
0%
821 7 Lemps
0%
49 26 Lemps
0%
404 63 Lempty
0%
246 3 Lenax
0%
216 73 Le Noyer
0%
916 26 Lens-Lestang
0%
1836 42 Lentigny
0%
241 7 Lentillères
0%
246 38 Lentiol
0%
46 26 Léoncel
0%
220 43 Léotoing
0%
957 38 Le Passage
0%
371 26 Le Pègue
0%
173 38 Le Percy
0%
1523 69 Le Perréon
0%
486 43 Le Pertuis
0%
79 7 Le Plagnal
0%
139 26 Le Poët-Célard
0%
16 26 Le Poët-en-Percip
0%
133 26 Le Poët-Sigillat
0%
762 1 Le Poizat-Lalleyriat
0%
123 73 Le Pontet
0%
225 63 Le Quartier
0%
562 74 Le Reposoir
0%
165 42 Lérigneux
0%
1293 15 Le Rouget-Pers
0%
62 7 Le Roux
0%
6544 38 Les Abrets en Dauphiné
0%
1877 73 Les Allues
0%
1736 63 Les Ancizes-Comps
0%
454 74 Le Sappey
0%
1163 38 Le Sappey-en-Chartreuse
0%
621 69 Les Ardillats
0%
779 7 Les Assions
0%
790 73 Les Avanchers-Valmorel
0%
572 73 Les Chapelles
0%
226 73 Les Chavannes-en-Maurienne
0%
807 73 Lescheraines
0%
720 1 Lescheroux
0%
58 26 Lesches-en-Diois
0%
690 74 Les Clefs
0%
1153 74 Les Contamines-Montjoie
0%
2099 38 Les Côtes-d'Arey
0%
72 38 Les Côtes-de-Corps
0%
834 73 Les Déserts
0%
1262 73 Les Échelles
0%
999 38 Les Éparres
0%
792 69 Les Haies
0%
505 69 Les Halles
0%
3251 74 Les Houches
0%
868 73 Les Mollettes
0%
645 1 Les Neyrolles
0%
214 42 Les Noës
0%
1034 7 Les Ollières-sur-Eyrieux
0%
323 7 Lespéron
0%
352 63 Les Pradeaux
0%
22 26 Les Prés
0%
396 7 Les Salelles
0%
568 42 Les Salles
0%
623 69 Les Sauvages
0%
592 15 Les Ternes
0%
34 26 Les Tonils
0%
202 43 Les Vastres
0%
1110 74 Les Villards-sur-Thônes
0%
1499 43 Les Villettes
0%
94 3 Lételon
0%
3269 38 Le Touvet
0%
927 69 Létra
0%
2812 42 L'Étrat
0%
103 15 Le Trioulou
0%
245 15 Leucamp
0%
62 15 Le Vaulmier
0%
105 73 Le Verneil
0%
877 63 Le Vernet-Chaméane
0%
319 63 Le Vernet-Sainte-Marguerite
0%
5057 38 Le Versoud
0%
456 3 Le Veurdre
0%
846 15 Le Vigean
0%
284 3 Le Vilhain
0%
1361 1 Leyment
0%
362 15 Leynhac
0%
913 38 Leyrieu
0%
166 1 Leyssard
0%
37 15 Leyvaux
0%
1803 42 Lézigneux
0%
1126 42 L'Hôpital-le-Grand
0%
109 42 L'Hôpital-sous-Rochefort
0%
4806 42 L'Horme
0%
217 3 Liernolles
0%
357 38 Lieudieu
0%
163 15 Lieutadès
0%
755 3 Lignerolles
0%
196 3 Limoise
0%
761 63 Limons
0%
802 7 Limony
0%
300 43 Lissac
0%
124 63 Lisseuil
0%
3230 69 Lissieu
0%
1279 38 Livet-et-Gavet
0%
169 3 Loddes
0%
200 73 Loisieux
0%
1677 74 Loisin
0%
166 1 Lompnas
0%
603 38 Longechenal
0%
985 69 Longes
0%
612 69 Longessaigne
0%
174 15 Lorcières
0%
4774 42 Lorette
0%
353 3 Loriges
0%
587 74 Lornay
0%
51 7 Loubaresse
0%
1439 63 Loubeyrat
0%
440 3 Louchy-Montfand
0%
955 43 Loudes
0%
207 3 Louroux-Bourbonnais
0%
161 3 Louroux-de-Beaune
0%
1313 74 Lovagny
0%
3324 1 Loyettes
0%
90 43 Lubilhac
0%
2023 69 Lucenay
0%
544 26 Luc-en-Diois
0%
304 73 Lucey
0%
1659 74 Lucinges
0%
514 63 Ludesse
0%
129 15 Lugarde
0%
2563 74 Lugrin
0%
831 74 Lullin
0%
714 74 Lully
0%
276 3 Luneau
0%
305 42 Lupé
0%
1923 3 Lurcy-Lévis
0%
142 42 Luré
0%
1299 42 Luriecq
0%
541 26 Lus-la-Croix-Haute
0%
1172 7 Lussas
0%
1164 63 Luzillat
0%
2407 38 Luzinay
0%
614 7 Lyas
0%
1808 74 Lyaud
0%
402 42 Machézal
0%
1121 74 Machilly
0%
1895 42 Maclas
0%
216 15 Madic
0%
119 63 Madriat
0%
3330 74 Magland
0%
1058 3 Magnet
0%
576 42 Magneux-Haute-Rive
0%
654 1 Magnieu
0%
338 42 Maizilly
0%
1248 1 Malafretaz
0%
247 7 Malarce-sur-la-Thines
0%
2241 26 Malataverne
0%
1178 63 Malauzat
0%
94 15 Malbo
0%
152 7 Malbosc
0%
790 3 Malicorne
0%
578 42 Malleval
0%
57 38 Malleval-en-Vercors
0%
777 43 Malrevers
0%
876 43 Malvalette
0%
139 43 Malvières
0%
194 26 Manas
0%
184 15 Mandailles-Saint-Julien
0%
478 63 Manglieu
0%
1026 74 Manigod
0%
317 1 Mantenay-Montlin
0%
675 26 Manthes
0%
1416 63 Manzat
0%
1997 1 Manziat
0%
825 63 Marat
0%
2319 1 Marboz
0%
1086 74 Marcellaz
0%
2035 74 Marcellaz-Albanais
0%
522 15 Marcenat
0%
416 3 Marcenat
0%
712 42 Marcenod
0%
132 1 Marchamp
0%
467 69 Marchampt
0%
151 15 Marchastel
0%
894 26 Marches
0%
73 38 Marcieu
0%
230 73 Marcieux
0%
312 63 Marcillat
0%
927 3 Marcillat-en-Combraille
0%
1196 38 Marcilloles
0%
896 69 Marcilly-d'Azergues
0%
1433 42 Marcilly-le-Châtel
0%
571 42 Marclopt
0%
655 15 Marcolès
0%
648 38 Marcollin
0%
284 7 Marcols-les-Eaux
0%
813 42 Marcoux
0%
220 63 Mareugheol
0%
2315 74 Margencel
0%
1127 26 Margès
0%
567 7 Mariac
0%
227 26 Marignac-en-Diois
0%
6513 74 Marignier
0%
170 1 Marignieu
0%
207 3 Marigny
0%
711 74 Marigny-Saint-Marcel
0%
693 42 Maringes
0%
1410 42 Marlhes
0%
1067 74 Marlioz
0%
753 15 Marmanhac
0%
142 38 Marnans
0%
464 42 Marols
0%
1321 26 Marsanne
0%
724 26 Marsaz
0%
1050 1 Marsonnas
0%
1376 73 Marthod
0%
1740 1 Martignat
0%
687 63 Martres-sur-Morge
0%
763 38 Massieu
0%
2767 1 Massieux
0%
640 1 Massignieu-de-Rives
0%
890 74 Massingy
0%
1573 74 Massongy
0%
646 1 Matafelon-Granges
0%
1940 38 Maubec
0%
109 15 Maurines
0%
2168 15 Maurs
0%
1217 7 Mauves
0%
118 63 Mauzun
0%
1485 74 Maxilly-sur-Léman
0%
272 7 Mayres
0%
203 63 Mayres
0%
91 38 Mayres-Savel
0%
124 7 Mazan-l'Abbaye
0%
718 63 Mazaye
0%
198 43 Mazerat-Aurouze
0%
1140 43 Mazet-Saint-Voy
0%
1484 43 Mazeyrat-d'Allier
0%
291 3 Mazirat
0%
99 63 Mazoires
0%
161 15 Méallet
0%
921 3 Meaulne-Vitray
0%
234 69 Meaux-la-Montagne
0%
127 63 Medeyrolles
0%
615 74 Mégevette
0%
493 63 Meilhaud
0%
329 3 Meillard
0%
319 74 Meillerie
0%
131 3 Meillers
0%
1414 1 Meillonnas
0%
1667 63 Ménétrol
0%
542 26 Menglon
0%
1117 74 Menthonnex-en-Bornes
0%
747 74 Menthonnex-sous-Clermont
0%
1954 74 Menthon-Saint-Bernard
0%
133 15 Mentières
0%
145 43 Mercœur
0%
1276 7 Mercuer
0%
2864 26 Mercurol-Veaunes
0%
3434 73 Mercury
0%
249 3 Mercy
0%
138 1 Mérignat
0%
219 26 Mérindol-les-Oliviers
0%
494 38 Merlas
0%
328 42 Merle-Leignec
0%
820 74 Mésigny
0%
124 3 Mesples
0%
1054 63 Messeix
0%
2214 74 Messery
0%
1299 1 Messimy-sur-Saône
0%
240 26 Mévouillon
0%
958 7 Meyras
0%
1078 38 Meyrié
0%
1055 38 Meyrieu-les-Étangs
0%
320 73 Meyrieux-Trouet
0%
857 69 Meys
0%
1385 7 Meysse
0%
651 38 Meyssiez
0%
150 43 Mézères
0%
97 7 Mézilhac
0%
2527 74 Mieussy
0%
1055 74 Minzier
0%
746 7 Mirabel
0%
1550 26 Mirabel-aux-Baronnies
0%
1215 26 Mirabel-et-Blacons
0%
302 63 Miremont
0%
461 38 Miribel-Lanchâtre
0%
1783 38 Miribel-les-Échelles
0%
607 26 Mirmande
0%
60 26 Miscon
0%
194 38 Mizoën
0%
819 1 Mogneneins
0%
2011 38 Moidieu-Détourbe
0%
240 69 Moiré
0%
1267 63 Moissat
0%
752 38 Moissieu-sur-Dolon
0%
83 15 Molèdes
0%
1176 3 Molinet
0%
1089 26 Mollans-sur-Ouvèze
0%
949 3 Molles
0%
283 15 Molompize
0%
15 38 Monestier-d'Ambel
0%
253 38 Monestier-du-Percy
0%
214 43 Monistrol-d'Allier
0%
426 43 Monlet
0%
2378 74 Monnetier-Mornex
0%
567 63 Mons
0%
816 38 Monsteroux-Milieu
0%
1173 38 Montagnieu
0%
662 1 Montagnieu
0%
1002 73 Montagnole
0%
795 74 Montagny-les-Lanches
0%
296 3 Montaiguët-en-Forez
0%
302 3 Montaigu-le-Blin
0%
992 63 Montaigut-en-Combraille
0%
919 63 Montaigut-le-Blanc
0%
695 73 Montailleur
0%
3570 38 Montalieu-Vercieu
0%
361 1 Montanges
0%
68 42 Montarcher
0%
122 26 Montauban-sur-l'Ouvèze
0%
541 38 Montaud
0%
87 26 Montaulieu
0%
6018 38 Montbonnot-Saint-Martin
0%
2526 26 Montboucher-sur-Jabron
0%
172 15 Montboudif
0%
284 26 Montbrison-sur-Lez
0%
445 26 Montbrun-les-Bains
0%
606 38 Montcarra
0%
1092 73 Montcel
0%
552 63 Montcel
0%
724 1 Montcet
0%
510 42 Montchal
0%
147 15 Montchamp
0%
608 26 Montchenu
0%
54 43 Montclard
0%
194 26 Montclar-sur-Gervanne
0%
428 63 Montel-de-Gelat
0%
4395 26 Montélier
0%
55 73 Montendry
0%
509 38 Monteynard
0%
140 38 Montfalcon
0%
1175 43 Montfaucon-en-Velay
0%
230 63 Montfermy
0%
29 26 Montferrand-la-Fare
0%
1867 38 Montferrat
0%
85 26 Montfroc
0%
119 73 Montgilbert
0%
42 15 Montgreleix
0%
54 26 Montguers
0%
536 73 Monthion
0%
512 3 Montilly
0%
344 26 Montjoux
0%
284 26 Montjoyer
0%
149 26 Montlaur-en-Diois
0%
85 26 Montmaur-en-Diois
0%
540 69 Montmelas-Saint-Sorlin
0%
3057 26 Montmeyran
0%
695 26 Montmiral
0%
752 63 Montmorin
0%
136 15 Montmurat
0%
1976 26 Montoison
0%
760 7 Montpezat-sous-Bauzon
0%
1036 1 Montracol
0%
23 26 Montréal-les-Sources
0%
590 43 Montregard
0%
487 73 Montricher-Albanne
0%
968 74 Montriond
0%
453 69 Montromant
0%
1444 69 Montrottier
0%
83 38 Mont-Saint-Martin
0%
823 15 Montsalvy
0%
81 73 Montsapey
0%
1715 74 Mont-Saxonnex
0%
1381 26 Montségur-sur-Lauzon
0%
88 7 Montselgues
0%
1016 38 Montseveroux
0%
126 43 Montusclat
0%
728 73 Montvalezan
0%
1256 26 Montvendre
0%
1392 42 Montverdun
0%
243 73 Montvernier
0%
120 15 Montvert
0%
734 3 Montvicq
0%
2140 69 Morancé
0%
541 38 Moras
0%
694 26 Moras-en-Valloire
0%
378 38 Morette
0%
397 63 Moriat
0%
684 74 Morillon
0%
488 42 Mornand-en-Forez
0%
805 38 Mottier
0%
443 73 Motz
0%
103 43 Moudeyres
0%
391 63 Moureuille
0%
3314 26 Mours-Saint-Eusèbe
0%
265 15 Moussages
0%
2299 73 Mouxy
0%
1006 74 Moye
0%
506 63 Murat-le-Quaire
0%
916 74 Mûres
0%
870 38 Murianette
0%
407 38 Murinais
0%
247 1 Murs-et-Gélignieux
0%
3376 63 Mur-sur-Allier
0%
424 74 Musièges
0%
1330 73 Myans
0%
529 73 Nances
0%
488 74 Nancy-sur-Cluses
0%
885 42 Nandax
0%
1663 74 Nangy
0%
484 38 Nantes-en-Ratier
0%
68 15 Narnhac
0%
195 3 Nassigny
0%
1026 74 Nâves-Parmelan
0%
490 42 Neaux
0%
875 63 Nébouzat
0%
409 74 Nernier
0%
517 42 Néronde
0%
520 63 Néronde-sur-Dore
0%
1038 42 Nervieux
0%
873 63 Neschers
0%
302 63 Neuf-Église
0%
218 3 Neuilly-en-Donjon
0%
1398 42 Neulise
0%
195 3 Neure
0%
1765 15 Neussargues en Pinatelle
0%
3278 74 Neuvecelle
0%
1764 15 Neuvéglise-sur-Truyère
0%
1824 1 Neuville-sur-Ain
0%
2295 74 Neydens
0%
2648 1 Neyron
0%
102 15 Nieudan
0%
1652 1 Niévroz
0%
861 1 Nivigne et Suran
0%
2718 38 Nivolas-Vermelle
0%
116 1 Nivollet-Montgriffon
0%
807 42 Noailly
0%
237 63 Noalhat
0%
2258 63 Nohanent
0%
194 42 Nollieux
0%
615 63 Nonette-Orsonnette
0%
734 74 Nonglard
0%
486 73 Notre-Dame-de-Bellecombe
0%
595 42 Notre-Dame-de-Boisset
0%
549 38 Notre-Dame-de-Commiers
0%
508 38 Notre-Dame-de-l'Osier
0%
1134 38 Notre-Dame-de-Mésage
0%
1048 73 Notre-Dame-des-Millières
0%
545 38 Notre-Dame-de-Vaulx
0%
225 73 Notre-Dame-du-Cruet
0%
256 73 Notre-Dame-du-Pré
0%
154 63 Novacelles
0%
246 7 Nozières
0%
1035 1 Nurieux-Volognat
0%
958 69 Odenas
0%
850 63 Olby
0%
321 63 Olloix
0%
161 63 Olmet
0%
72 26 Omblèze
0%
335 15 Omps
0%
82 1 Oncieu
0%
1309 74 Onnion
0%
110 73 Ontex
0%
911 38 Optevoz
0%
883 63 Orbeil
0%
1072 74 Orcier
0%
37 26 Orcinas
0%
136 1 Ordonnaz
0%
326 73 Orelle
0%
596 7 Orgnac-l'Aven
0%
529 26 Oriol-en-Royans
0%
108 38 Oris-en-Rattier
0%
2262 63 Orléat
0%
2620 69 Orliénas
0%
881 38 Ornacieux-Balbins
0%
4766 1 Ornex
0%
164 38 Ornon
0%
1170 42 Ouches
0%
54 43 Ouides
0%
9 38 Oulles
0%
281 26 Ourches
0%
265 1 Outriaz
0%
1082 38 Oyeu
0%
1716 38 Oytier-Saint-Oblas
0%
713 1 Ozan
0%
381 7 Ozon
0%
876 38 Pact
0%
249 7 Pailharès
0%
129 15 Pailherols
0%
1138 38 Pajay
0%
812 73 Pallud
0%
68 42 Palogneux
0%
2964 42 Panissières
0%
670 38 Panossas
0%
393 3 Paray-le-Frésil
0%
634 3 Paray-sous-Briailles
0%
1366 1 Parcieux
0%
300 63 Pardines
0%
503 63 Parentignat
0%
647 42 Parigny
0%
465 15 Parlan
0%
743 38 Parmilieu
0%
729 26 Parnans
0%
996 1 Parves et Nattages
0%
664 43 Paulhac
0%
442 15 Paulhac
0%
877 43 Paulhaguet
0%
261 15 Paulhenc
0%
398 42 Pavezin
0%
546 7 Payzac
0%
2357 7 Peaugres
0%
121 43 Pébrac
0%
1411 74 Peillonnex
0%
660 73 Peisey-Nancroix
0%
139 38 Pellafol
0%
26 26 Pelonne
0%
34 26 Pennes-le-Sec
0%
376 38 Penol
0%
50 7 Péreyres
0%
449 3 Périgny
0%
441 63 Perpezat
0%
2285 42 Perreux
0%
852 1 Perrex
0%
910 63 Perrier
0%
1914 74 Perrignier
0%
3236 74 Pers-Jussy
0%
62 63 Peslières
0%
732 63 Pessat-Villeneuve
0%
502 7 Peyraud
0%
148 1 Peyriat
0%
915 1 Peyrieu
0%
2715 26 Peyrins
0%
588 26 Peyrus
0%
148 15 Peyrusse
0%
686 1 Peyzieux-sur-Saône
0%
328 63 Picherande
0%
250 26 Piégon
0%
903 26 Piégros-la-Clastre
0%
1543 38 Pierre-Châtel
0%
527 3 Pierrefitte-sur-Loire
0%
924 15 Pierrefort
0%
222 26 Pierrelongue
0%
352 63 Pignols
0%
291 42 Pinay
0%
194 43 Pinols
0%
1076 63 Pionsat
0%
424 1 Pirajoux
0%
532 38 Pisieu
0%
906 1 Pizay
0%
159 1 Plagne
0%
213 26 Plaisians
0%
281 38 Plan
0%
562 73 Planaise
0%
452 73 Planay
0%
474 73 Plancherine
0%
156 26 Plan-de-Baix
0%
1087 42 Planfoy
0%
160 7 Planzolles
0%
2470 38 Plateau-des-Petites-Roches
0%
862 7 Plats
0%
1780 63 Plauzat
0%
2147 38 Poisat
0%
1428 69 Poleymieux-au-Mont-d'Or
0%
1205 38 Poliénas
0%
2667 1 Polliat
0%
169 1 Pollieu
0%
1219 15 Polminhac
0%
1160 69 Pomeys
0%
5 26 Pommerol
0%
738 38 Pommier-de-Beaurepaire
0%
367 42 Pommiers-en-Forez
0%
1735 1 Poncin
0%
1191 42 Poncins
0%
135 26 Ponet-et-Saint-Auban
0%
536 26 Ponsas
0%
302 38 Ponsonnas
0%
183 26 Pontaix
0%
685 26 Pont-de-Barret
0%
6070 38 Pont-de-Chéruy
0%
590 7 Pont-de-Labeaume
0%
3661 26 Pont-de-l'Isère
0%
823 38 Pont-en-Royans
0%
5380 38 Pont-Évêque
0%
1830 38 Porcieu-Amblagnieu
0%
3903 73 Porte-de-Savoie
0%
2102 38 Porte-des-Bonnevaux
0%
4044 69 Porte des Pierres Dorées
0%
83 1 Pouillat
0%
1241 42 Pouilly-lès-Feurs
0%
2236 42 Pouilly-les-Nonains
0%
2615 42 Pouilly-sous-Charlieu
0%
136 7 Pourchères
0%
270 63 Pouzol
0%
398 3 Pouzy-Mésangy
0%
73 26 Poyols
0%
21 26 Pradelle
0%
559 43 Pradelles
0%
86 15 Pradiers
0%
883 42 Pradines
0%
504 7 Pradons
0%
734 73 Pralognan-la-Vanoise
0%
892 42 Pralong
0%
521 7 Pranles
0%
718 7 Préaux
0%
172 38 Prébois
0%
1132 42 Précieux
0%
253 1 Prémeyzel
0%
2553 3 Prémilhat
0%
44 1 Prémillieu
0%
120 43 Présailles
0%
1070 74 Présilly
0%
445 73 Presle
0%
97 38 Presles
0%
1180 38 Pressins
0%
729 38 Primarette
0%
470 63 Prompsat
0%
272 63 Prondines
0%
143 26 Propiac
0%
496 69 Propières
0%
522 38 Proveysieux
0%
701 15 Prunet
0%
138 7 Prunet
0%
385 38 Prunières
0%
7686 74 Publier
0%
1012 73 Pugny-Chatenod
0%
410 63 Pulvérières
0%
753 15 Puycapel
0%
479 26 Puygiron
0%
383 73 Puygros
0%
148 63 Puy-Saint-Gulmier
0%
888 26 Puy-Saint-Martin
0%
934 38 Quaix-en-Chartreuse
0%
72 38 Quet-en-Beaumont
0%
293 63 Queuille
0%
359 43 Queyrières
0%
397 15 Quézac
0%
1389 69 Quincié-en-Beaujolais
0%
1305 74 Quintal
0%
1738 7 Quintenas
0%
105 15 Rageade
0%
337 1 Ramasse
0%
333 69 Ranchal
0%
273 26 Ratières
0%
965 43 Raucoules
0%
278 15 Raulhac
0%
198 43 Rauret
0%
1039 38 Réaumont
0%
406 26 Réauville
0%
290 26 Recoubeau-Jansac
0%
1156 69 Régnié-Durette
0%
382 63 Reignat
0%
8349 74 Reignier-Ésery
0%
1111 15 Reilhac
0%
148 26 Reilhanette
0%
476 1 Relevant
0%
332 26 Rémuzat
0%
3316 42 Renaison
0%
337 38 Rencurel
0%
102 63 Rentières
0%
3925 1 Replonges
0%
257 3 Reugny
0%
1357 38 Revel
0%
1076 38 Revel-Tourdan
0%
2041 38 Reventin-Vaugris
0%
921 1 Revonnas
0%
5192 1 Reyrieux
0%
1035 1 Reyssouze
0%
511 74 Reyvroz
0%
332 7 Ribes
0%
1084 1 Rignieux-le-Franc
0%
23 26 Rimon-et-Savel
0%
2494 15 Riom-ès-Montagnes
0%
25 26 Rioms
0%
735 42 Rivas
0%
598 69 Rivolet
0%
1143 15 Roannes-Saint-Mary
0%
125 26 Rochebaudin
0%
54 26 Rochebrune
0%
43 63 Roche-Charles-la-Mayrand
0%
131 26 Rochechinard
0%
225 7 Rochecolombe
0%
110 63 Roche-d'Agoux
0%
483 43 Roche-en-Régnier
0%
379 26 Rochefort-en-Valdaine
0%
1041 26 Rochefort-Samson
0%
1719 26 Rochegude
0%
9966 42 Roche-la-Molière
0%
2336 7 Rochemaure
0%
247 7 Rochepaule
0%
279 7 Rocher
0%
483 26 Roche-Saint-Secret-Béconne
0%
1131 38 Rochetoirin
0%
370 3 Rocles
0%
261 7 Rocles
0%
629 15 Roffiac
0%
498 73 Rognaix
0%
2808 7 Roiffieux
0%
1022 42 Roisey
0%
323 38 Roissard
0%
206 26 Romeyer
0%
1157 7 Rompon
0%
551 3 Rongères
0%
175 3 Ronnet
0%
669 69 Ronno
0%
1179 69 Rontalon
0%
1557 43 Rosières
0%
1306 7 Rosières
0%
159 1 Rossillon
0%
380 73 Rotherens
0%
24 26 Rottier
0%
207 15 Rouffiac
0%
326 15 Roumégoux
0%
391 26 Roussas
0%
288 26 Rousset-les-Vignes
0%
25 26 Roussieux
0%
123 15 Rouziers
0%
618 38 Rovon
0%
401 38 Royas
0%
1152 38 Roybon
0%
498 26 Roynac
0%
434 42 Rozier-Côtes-d'Aurec
0%
1462 42 Rozier-en-Donzy
0%
737 15 Ruynes-en-Margeride
0%
178 7 Sablières
0%
2316 38 Sablons
0%
119 7 Sagnes-et-Goudoulet
0%
312 26 Sahune
0%
835 15 Saignes
0%
1409 26 Saillans
0%
309 63 Saillant
0%
203 42 Sail-les-Bains
0%
1007 42 Sail-sous-Couzan
0%
363 26 Saint-Agnan-en-Vercors
0%
1131 38 Saint-Agnin-sur-Bion
0%
1099 7 Saint-Alban-Auriolles
0%
1442 7 Saint-Alban-d'Ay
0%
681 73 Saint-Alban-de-Montbel
0%
2191 38 Saint-Alban-de-Roche
0%
379 73 Saint-Alban-d'Hurtières
0%
889 38 Saint-Alban-du-Rhône
0%
71 7 Saint-Alban-en-Montagne
0%
942 42 Saint-Alban-les-Eaux
0%
420 38 Saint-Albin-de-Vaulserre
0%
144 63 Saint-Alyre-d'Arlanc
0%
114 63 Saint-Alyre-ès-Montagne
0%
234 15 Saint-Amandin
0%
124 7 Saint-Andéol-de-Berg
0%
57 7 Saint-Andéol-de-Fourchades
0%
527 7 Saint-Andéol-de-Vals
0%
1980 42 Saint-André-d'Apchon
0%
815 1 Saint-André-de-Bâgé
0%
604 74 Saint-André-de-Boëge
0%
396 43 Saint-André-de-Chalencon
0%
476 7 Saint-André-de-Cruzières
0%
689 1 Saint-André-d'Huiriat
0%
327 38 Saint-André-en-Royans
0%
211 7 Saint-André-en-Vivarais
0%
157 7 Saint-André-Lachamp
0%
292 69 Saint-André-la-Côte
0%
537 63 Saint-André-le-Coq
0%
1544 42 Saint-André-le-Puy
0%
1209 1 Saint-André-sur-Vieux-Jonc
0%
795 3 Saint-Angel
0%
473 63 Saint-Angel
0%
1219 38 Saint Antoine l'Abbaye
0%
208 7 Saint-Apollinaire-de-Rias
0%
230 69 Saint-Appolinaire
0%
723 42 Saint-Appolinard
0%
426 38 Saint-Appolinard
0%
200 43 Saint-Arcons-d'Allier
0%
119 43 Saint-Arcons-de-Barges
0%
79 38 Saint-Arey
0%
216 26 Saint-Auban-sur-l'Ouvèze
0%
278 3 Saint-Aubin-le-Monial
0%
1225 38 Saint-Aupre
0%
51 43 Saint-Austremoine
0%
920 73 Saint-Avre
0%
949 63 Saint-Babel
0%
2819 73 Saint-Baldoph
0%
612 26 Saint-Bardoux
0%
975 38 Saint-Barthélemy
0%
434 38 Saint-Barthélemy-de-Séchilienne
0%
1890 26 Saint-Barthélemy-de-Vals
0%
518 7 Saint-Barthélemy-Grozon
0%
206 7 Saint-Barthélemy-le-Meil
0%
854 7 Saint-Barthélemy-le-Plain
0%
703 42 Saint-Barthélemy-Lestra
0%
349 7 Saint-Basile
0%
847 38 Saint-Baudille-de-la-Tour
0%
267 38 Saint-Baudille-et-Pipet
0%
331 7 Saint-Bauzile
0%
1363 1 Saint-Bénigne
0%
33 26 Saint-Benoit-en-Diois
0%
85 43 Saint-Bérain
0%
1731 73 Saint-Béron
0%
370 74 Saint-Blaise
0%
1109 38 Saint-Blaise-du-Buis
0%
674 38 Saint-Bonnet-de-Chavagne
0%
120 15 Saint-Bonnet-de-Condat
0%
218 3 Saint-Bonnet-de-Four
0%
273 15 Saint-Bonnet-de-Salers
0%
365 69 Saint-Bonnet-des-Bruyères
0%
314 42 Saint-Bonnet-des-Quarts
0%
173 63 Saint-Bonnet-le-Bourg
0%
218 43 Saint-Bonnet-le-Froid
0%
426 63 Saint-Bonnet-lès-Allier
0%
1754 42 Saint-Bonnet-les-Oules
0%
318 69 Saint-Bonnet-le-Troncy
0%
541 63 Saint-Bonnet-près-Orcival
0%
2072 63 Saint-Bonnet-près-Riom
0%
726 38 Saint-Bueil
0%
94 3 Saint-Caprais
0%
1185 38 Saint-Cassien
0%
959 73 Saint-Cassin
0%
3755 74 Saint-Cergues
0%
1085 15 Saint-Cernin
0%
247 15 Saint-Chamant
0%
3824 38 Saint-Chef
0%
105 7 Saint-Christol
0%
94 43 Saint-Christophe-d'Allier
0%
451 3 Saint-Christophe-en-Bourbonnais
0%
106 38 Saint-Christophe-en-Oisans
0%
426 26 Saint-Christophe-et-le-Laris
0%
961 43 Saint-Christophe-sur-Dolaison
0%
822 38 Saint-Christophe-sur-Guiers
0%
257 7 Saint-Cierge-la-Serre
0%
216 7 Saint-Cierge-sous-le-Cheylard
0%
172 43 Saint-Cirgues
0%
150 15 Saint-Cirgues-de-Jordanne
0%
252 15 Saint-Cirgues-de-Malbert
0%
141 7 Saint-Cirgues-de-Prades
0%
235 7 Saint-Cirgues-en-Montagne
0%
358 63 Saint-Cirgues-sur-Couze
0%
3765 38 Saint-Clair-du-Rhône
0%
271 38 Saint-Clair-sur-Galaure
0%
539 63 Saint-Clément-de-Régnat
0%
239 63 Saint-Clément-de-Valorgue
0%
211 69 Saint-Clément-de-Vers
0%
673 69 Saint-Clément-les-Places
0%
916 69 Saint-Clément-sur-Valsonne
0%
585 15 Saint-Constant-Fournoulès
0%
1024 42 Saint-Cyr-de-Favières
0%
322 42 Saint-Cyr-de-Valorges
0%
160 69 Saint-Cyr-le-Chatoux
0%
1077 42 Saint-Cyr-les-Vignes
0%
1305 69 Saint-Cyr-sur-le-Rhône
0%
239 63 Saint-Denis-Combarnazat
0%
1288 42 Saint-Denis-de-Cabanne
0%
2278 1 Saint-Denis-en-Bugey
0%
870 7 Saint-Désirat
0%
450 3 Saint-Désiré
0%
871 1 Saint-Didier-d'Aussiat
0%
316 38 Saint-Didier-de-Bizonnes
0%
2136 1 Saint-Didier-de-Formans
0%
252 3 Saint-Didier-en-Donjon
0%
381 3 Saint-Didier-la-Forêt
0%
955 7 Saint-Didier-sous-Aubenas
0%
622 69 Saint-Didier-sur-Beaujeu
0%
202 43 Saint-Didier-sur-Doulon
0%
463 42 Saint-Didier-sur-Rochefort
0%
563 63 Saint-Dier-d'Auvergne
0%
546 63 Saint-Diéry
0%
50 26 Saint-Dizier-en-Diois
0%
120 42 Sainte-Agathe-en-Donzy
0%
1075 42 Sainte-Agathe-la-Bouteresse
0%
575 38 Sainte-Agnès
0%
744 38 Sainte-Anne-sur-Gervonde
0%
1021 38 Sainte-Blandine
0%
1018 69 Sainte-Catherine
0%
53 63 Sainte-Catherine
0%
132 63 Sainte-Christine
0%
402 42 Sainte-Colombe-sur-Gand
0%
2153 69 Sainte-Consorce
0%
556 1 Sainte-Croix
0%
108 26 Sainte-Croix
0%
484 42 Sainte-Croix-en-Jarez
0%
117 43 Sainte-Eugénie-de-Villeneuve
0%
234 15 Sainte-Eulalie
0%
216 7 Sainte-Eulalie
0%
559 26 Sainte-Eulalie-en-Royans
0%
1752 1 Sainte-Euphémie
0%
78 26 Sainte-Euphémie-sur-Ouvèze
0%
540 42 Sainte-Foy-Saint-Sulpice
0%
729 73 Sainte-Foy-Tarentaise
0%
824 73 Sainte-Hélène-du-Lac
0%
1221 73 Sainte-Hélène-sur-Isère
0%
323 26 Sainte-Jalle
0%
529 1 Saint-Éloi
0%
44 3 Saint-Éloy-d'Allier
0%
65 63 Saint-Éloy-la-Glacière
0%
3636 63 Saint-Éloy-les-Mines
0%
42 38 Sainte-Luce
0%
43 43 Sainte-Marguerite
0%
115 7 Sainte-Marguerite-Lafigère
0%
498 38 Sainte-Marie-d'Alloix
0%
125 73 Sainte-Marie-d'Alvey
0%
847 73 Sainte-Marie-de-Cuines
0%
237 38 Sainte-Marie-du-Mont
0%
621 3 Saint-Ennemond
0%
309 1 Sainte-Olive
0%
179 73 Sainte-Reine
0%
185 3 Sainte-Thérence
0%
132 15 Saint-Étienne-Cantalès
0%
428 7 Saint-Étienne-de-Boulogne
0%
135 15 Saint-Étienne-de-Carlat
0%
253 15 Saint-Étienne-de-Chomeil
0%
2681 38 Saint-Étienne-de-Crossey
0%
1232 73 Saint-Étienne-de-Cuines
0%
2963 7 Saint-Étienne-de-Fontbellon
0%
418 7 Saint-Étienne-de-Lugdarès
0%
801 15 Saint-Étienne-de-Maurs
0%
3246 38 Saint-Étienne-de-Saint-Geoirs
0%
132 63 Saint-Étienne-des-Champs
0%
211 7 Saint-Étienne-de-Serre
0%
2260 69 Saint-Étienne-des-Oullières
0%
299 7 Saint-Étienne-de-Valoux
0%
531 3 Saint-Étienne-de-Vicq
0%
2575 1 Saint-Étienne-du-Bois
0%
101 43 Saint-Étienne-du-Vigan
0%
772 43 Saint-Étienne-Lardeyrol
0%
775 69 Saint-Étienne-la-Varenne
0%
1051 42 Saint-Étienne-le-Molard
0%
55 43 Saint-Étienne-sur-Blesle
0%
1629 1 Saint-Étienne-sur-Chalaronne
0%
591 1 Saint-Étienne-sur-Reyssouze
0%
260 63 Saint-Étienne-sur-Usson
0%
634 74 Saint-Eusèbe
0%
512 74 Saint-Eustache
0%
197 3 Saint-Fargeol
0%
2470 74 Saint-Félix
0%
307 3 Saint-Félix
0%
920 74 Saint-Ferréol
0%
2505 43 Saint-Ferréol-d'Auroure
0%
565 63 Saint-Ferréol-des-Côtes
0%
265 26 Saint-Ferréol-Trente-Pas
0%
250 63 Saint-Floret
0%
283 63 Saint-Flour-l'Étang
0%
1514 69 Saint-Forgeux
0%
625 42 Saint-Forgeux-Lespinasse
0%
797 7 Saint-Fortunat-sur-Eyrieux
0%
151 73 Saint-François-de-Sales
0%
551 73 Saint François Longchamp
0%
411 43 Saint-Front
0%
5966 42 Saint-Galmier
0%
153 63 Saint-Gal-sur-Sioule
0%
223 63 Saint-Genès-Champespe
0%
183 63 Saint-Genès-la-Tourette
0%
344 7 Saint-Genest-de-Beauzon
0%
115 7 Saint-Genest-Lachamp
0%
6252 42 Saint-Genest-Lerpt
0%
325 43 Saint-Geneys-près-Saint-Paulien
0%
1017 69 Saint-Genis-l'Argentière
0%
491 1 Saint-Genis-sur-Menthon
0%
2962 73 Saint-Genix-les-Villages
0%
2431 38 Saint-Geoire-en-Valdaine
0%
483 43 Saint-Georges-d'Aurac
0%
441 42 Saint-Georges-de-Baroille
0%
1962 63 Saint-Georges-de-Mons
0%
4497 69 Saint-Georges-de-Reneins
0%
3536 38 Saint-Georges-d'Espéranche
0%
373 73 Saint-Georges-d'Hurtières
0%
415 42 Saint-Georges-en-Couzan
0%
1491 42 Saint-Georges-Haute-Ville
0%
535 43 Saint-Georges-Lagricol
0%
2459 7 Saint-Georges-les-Bains
0%
1325 63 Saint-Georges-sur-Allier
0%
509 1 Saint-Germain-de-Joux
0%
231 42 Saint-Germain-la-Montagne
0%
3701 43 Saint-Germain-Laprade
0%
434 1 Saint-Germain-les-Paroisses
0%
1296 42 Saint-Germain-Lespinasse
0%
2309 69 Saint-Germain-Nuelles
0%
68 63 Saint-Germain-près-Herment
0%
629 74 Saint-Germain-sur-Rhône
0%
250 43 Saint-Géron
0%
230 15 Saint-Gérons
0%
222 63 Saint-Gervais-sous-Meymont
0%
1106 26 Saint-Gervais-sur-Roubion
0%
349 63 Saint-Gervazy
0%
118 7 Saint-Gineys-en-Coiron
0%
246 38 Saint-Guillaume
0%
647 42 Saint-Haon-le-Châtel
0%
978 42 Saint-Haon-le-Vieux
0%
3713 42 Saint-Héand
0%
118 63 Saint-Hérent
0%
337 42 Saint-Hilaire-Cusson-la-Valmitte
0%
624 38 Saint-Hilaire-de-Brens
0%
1609 38 Saint-Hilaire-de-la-Côte
0%
1906 38 Saint-Hilaire-du-Rosier
0%
374 63 Saint-Hilaire-la-Croix
0%
86 63 Saint-Hilaire-les-Monges
0%
539 42 Saint-Hilaire-sous-Charlieu
0%
100 15 Saint-Hippolyte
0%
719 43 Saint-Hostien
0%
936 63 Saint-Ignat
0%
569 69 Saint-Igny-de-Vers
0%
646 15 Saint-Illide
0%
190 43 Saint-Ilpize
0%
7360 38 Saint-Ismier
0%
290 63 Saint-Jacques-d'Ambur
0%
295 7 Saint-Jacques-d'Atticieux
0%
295 15 Saint-Jacques-des-Blats
0%
6701 42 Saint-Jean-Bonnefonds
0%
258 7 Saint-Jean-Chambre
0%
282 73 Saint-Jean-d'Arves
0%
1783 73 Saint-Jean-d'Arvey
0%
179 43 Saint-Jean-d'Aubrigoux
0%
1606 74 Saint-Jean-d'Aulps
0%
997 38 Saint-Jean-d'Avelanne
0%
4759 38 Saint-Jean-de-Bournay
0%
849 73 Saint-Jean-de-Chevelu
0%
308 73 Saint-Jean-de-Couz
0%
1982 1 Saint-Jean-de-Gonville
0%
1036 73 Saint-Jean-de-la-Porte
0%
3641 38 Saint-Jean-de-Moirans
0%
2577 7 Saint-Jean-de-Muzols
0%
353 43 Saint-Jean-de-Nay
0%
1646 1 Saint-Jean-de-Niost
0%
1502 74 Saint-Jean-de-Sixt
0%
435 63 Saint-Jean-des-Ollières
0%
1701 38 Saint-Jean-de-Soudain
0%
487 69 Saint-Jean-des-Vignes
0%
1079 74 Saint-Jean-de-Tholome
0%
549 38 Saint-Jean-de-Vaulx
0%
294 38 Saint-Jean-d'Hérans
0%
2862 26 Saint-Jean-en-Royans
0%
354 63 Saint-Jean-en-Val
0%
1220 69 Saint-Jean-la-Bussière
0%
307 43 Saint-Jean-Lachalm
0%
335 42 Saint-Jean-la-Vêtre
0%
866 7 Saint-Jean-le-Centenier
0%
1859 1 Saint-Jean-le-Vieux
0%
301 38 Saint-Jean-le-Vieux
0%
253 7 Saint-Jean-Roure
0%
126 63 Saint-Jean-Saint-Gervais
0%
1179 42 Saint-Jean-Saint-Maurice-sur-Loire
0%
775 1 Saint-Jean-sur-Reyssouze
0%
1193 1 Saint-Jean-sur-Veyle
0%
3527 74 Saint-Jeoire
0%
1948 73 Saint-Jeoire-Prieuré
0%
95 7 Saint-Jeure-d'Andaure
0%
502 7 Saint-Jeure-d'Ay
0%
992 43 Saint-Jeures
0%
396 42 Saint-Jodard
0%
1978 42 Saint-Joseph
0%
1267 38 Saint-Joseph-de-Rivière
0%
177 7 Saint-Joseph-des-Bancs
0%
2055 43 Saint-Julien-Chapteuil
0%
253 43 Saint-Julien-d'Ance
0%
1339 63 Saint-Julien-de-Coppel
0%
158 38 Saint-Julien-de-l'Herms
0%
68 43 Saint-Julien-des-Chazes
0%
110 15 Saint-Julien-de-Toursac
0%
313 7 Saint-Julien-d'Intres
0%
293 42 Saint-Julien-d'Oddes
0%
172 7 Saint-Julien-du-Gua
0%
503 43 Saint-Julien-du-Pinet
0%
885 7 Saint-Julien-du-Serre
0%
148 26 Saint-Julien-en-Quint
0%
1471 7 Saint-Julien-en-Saint-Alban
0%
233 26 Saint-Julien-en-Vercors
0%
123 63 Saint-Julien-la-Geneste
0%
120 7 Saint-Julien-le-Roux
0%
172 43 Saint-Julien-Molhesabate
0%
1625 73 Saint-Julien-Mont-Denis
0%
373 63 Saint-Julien-Puy-Lavèze
0%
579 69 Saint-Julien-sur-Bibost
0%
733 1 Saint-Julien-sur-Reyssouze
0%
226 7 Saint-Julien-Vocance
0%
2744 38 Saint-Just-Chaleyssin
0%
1718 7 Saint-Just-d'Ardèche
0%
769 69 Saint-Just-d'Avray
0%
1395 38 Saint-Just-de-Claix
0%
291 42 Saint-Just-en-Bas
0%
1163 42 Saint-Just-en-Chevalet
0%
1693 42 Saint-Just-la-Pendue
0%
4301 43 Saint-Just-Malmont
0%
420 43 Saint-Just-près-Brioude
0%
1059 69 Saint-Lager
0%
973 7 Saint-Lager-Bressac
0%
1443 38 Saint-Lattier
0%
259 43 Saint-Laurent-Chabreuges
0%
2190 69 Saint-Laurent-d'Agny
0%
162 26 Saint-Laurent-d'Onay
0%
1633 7 Saint-Laurent-du-Pape
0%
4601 38 Saint-Laurent-du-Pont
0%
434 38 Saint-Laurent-en-Beaumont
0%
1460 26 Saint-Laurent-en-Royans
0%
592 42 Saint-Laurent-la-Conche
0%
179 7 Saint-Laurent-les-Bains-Laval-d'Aurelle
0%
257 42 Saint-Laurent-Rochefort
0%
119 7 Saint-Laurent-sous-Coiron
0%
250 73 Saint-Léger
0%
1200 42 Saint-Léger-sur-Roanne
0%
275 3 Saint-Léger-sur-Vouzance
0%
413 3 Saint-Léopardin-d'Augy
0%
578 3 Saint-Loup
0%
193 63 Saint-Maigner
0%
1601 15 Saint-Mamet-la-Salvetat
0%
1476 38 Saint-Marcel-Bel-Accueil
0%
2448 7 Saint-Marcel-d'Ardèche
0%
809 42 Saint-Marcel-de-Félines
0%
285 42 Saint-Marcel-d'Urfé
0%
128 3 Saint-Marcel-en-Marcillat
0%
126 3 Saint-Marcel-en-Murat
0%
553 69 Saint-Marcel-l'Éclairé
0%
1298 26 Saint-Marcel-lès-Sauzet
0%
5078 42 Saint-Marcellin-en-Forez
0%
272 7 Saint-Martial
0%
72 15 Saint-Martial
0%
150 15 Saint-Martin-Cantalès
0%
406 26 Saint-Martin-d'Août
0%
318 73 Saint-Martin-d'Arc
0%
959 7 Saint-Martin-d'Ardèche
0%
454 1 Saint-Martin-de-Bavel
0%
185 38 Saint-Martin-de-Clelles
0%
243 43 Saint-Martin-de-Fugères
0%
755 38 Saint-Martin-de-la-Cluze
0%
699 73 Saint-Martin-de-la-Porte
0%
125 3 Saint-Martin-des-Lais
0%
298 63 Saint-Martin-des-Olmes
0%
176 63 Saint-Martin-des-Plains
0%
850 42 Saint-Martin-d'Estréaux
0%
252 38 Saint-Martin-de-Vaulserre
0%
153 63 Saint-Martin-d'Ollières
0%
1038 1 Saint-Martin-du-Frêne
0%
5707 38 Saint-Martin-d'Uriage
0%
389 26 Saint-Martin-en-Vercors
0%
604 3 Saint-Martinien
0%
3859 42 Saint-Martin-la-Plaine
0%
807 1 Saint-Martin-le-Châtel
0%
217 26 Saint-Martin-le-Colonel
0%
926 42 Saint-Martin-Lestra
0%
226 15 Saint-Martin-sous-Vigouroux
0%
556 73 Saint-Martin-sur-la-Chambre
0%
445 7 Saint-Martin-sur-Lavezon
0%
723 15 Saint-Martin-Valmeroux
0%
188 15 Saint-Mary-le-Plain
0%
342 7 Saint-Maurice-d'Ardèche
0%
2755 1 Saint-Maurice-de-Gourdans
0%
2693 43 Saint-Maurice-de-Lignon
0%
774 1 Saint-Maurice-de-Rémens
0%
217 7 Saint-Maurice-d'Ibie
0%
205 7 Saint-Maurice-en-Chalencon
0%
1856 42 Saint-Maurice-en-Gourgois
0%
177 38 Saint-Maurice-en-Trièves
0%
6506 38 Saint-Maurice-l'Exil
0%
378 63 Saint-Maurice-près-Pionsat
0%
808 26 Saint-Maurice-sur-Eygues
0%
675 38 Saint-Maximin
0%
34 26 Saint-May
0%
989 42 Saint-Médard-en-Forez
0%
103 7 Saint-Mélany
0%
1152 3 Saint-Menoux
0%
285 7 Saint-Michel-d'Aurance
0%
153 7 Saint-Michel-de-Boulogne
0%
413 7 Saint-Michel-de-Chabrillanoux
0%
2754 73 Saint-Michel-de-Maurienne
0%
299 38 Saint-Michel-de-Saint-Geoirs
0%
31 38 Saint-Michel-en-Beaumont
0%
294 38 Saint-Michel-les-Portes
0%
894 42 Saint-Michel-sur-Rhône
0%
570 26 Saint-Michel-sur-Savasse
0%
327 38 Saint-Mury-Monteymond
0%
534 63 Saint-Myon
0%
821 26 Saint-Nazaire-en-Royans
0%
209 26 Saint-Nazaire-le-Désert
0%
3065 38 Saint-Nazaire-les-Eymes
0%
165 3 Saint-Nicolas-des-Biefs
0%
808 69 Saint-Nizier-d'Azergues
0%
674 42 Saint-Nizier-de-Fornas
0%
1135 38 Saint-Nizier-du-Moucherotte
0%
625 1 Saint-Nizier-le-Bouchoux
0%
1740 42 Saint-Nizier-sous-Charlieu
0%
1182 73 Saint-Offenge
0%
656 38 Saint-Ondras
0%
164 3 Saint-Palais
0%
1021 43 Saint-Pal-de-Chalencon
0%
2353 43 Saint-Pal-de-Mons
0%
115 43 Saint-Pal-de-Senouire
0%
311 73 Saint-Pancrace
0%
432 26 Saint-Pantaléon-les-Vignes
0%
419 63 Saint-Pardoux
0%
109 15 Saint-Paul-de-Salers
0%
1581 15 Saint-Paul-des-Landes
0%
188 43 Saint-Paul-de-Tartas
0%
2282 38 Saint-Paul-de-Varces
0%
299 38 Saint-Paul-d'Izeaux
0%
183 42 Saint-Paul-d'Uzore
0%
2583 74 Saint-Paul-en-Chablais
0%
1385 42 Saint-Paul-en-Cornillon
0%
4851 42 Saint-Paul-en-Jarez
0%
984 7 Saint-Paul-le-Jeune
0%
275 38 Saint-Paul-lès-Monestier
0%
587 73 Saint-Paul-sur-Isère
0%
255 63 Saint-Pierre-Colamine
0%
4272 73 Saint-Pierre-d'Albigny
0%
320 73 Saint-Pierre-d'Alvey
0%
181 73 Saint-Pierre-de-Belleville
0%
779 38 Saint-Pierre-de-Bressieux
0%
4698 69 Saint-Pierre-de-Chandieu
0%
482 38 Saint-Pierre-de-Chérennes
0%
468 7 Saint-Pierre-de-Colombier
0%
328 73 Saint-Pierre-de-Genebroz
0%
117 38 Saint-Pierre-de-Méaroz
0%
790 38 Saint-Pierre-de-Mésage
0%
581 38 Saint-Pierre-d'Entremont
0%
462 73 Saint-Pierre-d'Entremont
0%
437 73 Saint-Pierre-de-Soucy
0%
555 43 Saint-Pierre-du-Champ
0%
7464 74 Saint-Pierre-en-Faucigny
0%
1225 43 Saint-Pierre-Eynac
0%
139 63 Saint-Pierre-la-Bourlhonne
0%
395 42 Saint-Pierre-la-Noaille
0%
64 7 Saint-Pierre-la-Roche
0%
354 3 Saint-Pierre-Laval
0%
453 63 Saint-Pierre-le-Chastel
0%
500 63 Saint-Pierre-Roche
0%
185 7 Saint-Pierre-Saint-Jean
0%
113 7 Saint-Pierre-sur-Doux
0%
398 3 Saint-Plaisir
0%
268 42 Saint-Polgues
0%
360 15 Saint-Poncy
0%
307 7 Saint-Pons
0%
119 43 Saint-Préjet-Armandon
0%
178 43 Saint-Préjet-d'Allier
0%
882 63 Saint-Priest-Bramefant
0%
719 63 Saint-Priest-des-Champs
0%
214 3 Saint-Priest-en-Murat
0%
430 42 Saint-Priest-la-Prugne
0%
337 42 Saint-Priest-la-Roche
0%
143 42 Saint-Priest-la-Vêtre
0%
1437 38 Saint-Prim
0%
1721 7 Saint-Privat
0%
403 43 Saint-Privat-d'Allier
0%
167 43 Saint-Privat-du-Dragon
0%
823 3 Saint-Prix
0%
277 7 Saint-Prix
0%
137 15 Saint-Projet-de-Salers
0%
1504 38 Saint-Quentin-sur-Isère
0%
112 63 Saint-Quentin-sur-Sauxillanges
0%
399 63 Saint-Quintin-sur-Sioule
0%
2201 1 Saint-Rambert-en-Bugey
0%
422 42 Saint-Régis-du-Coin
0%
877 7 Saint-Remèze
0%
246 63 Saint-Rémy-de-Blot
0%
602 63 Saint-Rémy-de-Chargnat
0%
128 15 Saint-Rémy-de-Chaudes-Aigues
0%
1259 73 Saint-Rémy-de-Maurienne
0%
134 42 Saint-Rirand
0%
1251 7 Saint-Romain-d'Ay
0%
3445 38 Saint-Romain-de-Jalionas
0%
931 7 Saint-Romain-de-Lerps
0%
1688 69 Saint-Romain-de-Popey
0%
405 38 Saint-Romain-de-Surieu
0%
244 42 Saint-Romain-d'Urfé
0%
1242 42 Saint-Romain-en-Jarez
0%
1134 43 Saint-Romain-Lachalm
0%
1474 42 Saint-Romain-la-Motte
0%
963 42 Saint-Romain-les-Atheux
0%
1831 38 Saint-Romans
0%
299 15 Saint-Santin-Cantalès
0%
371 15 Saint-Santin-de-Maurs
0%
179 15 Saint-Saury
0%
2158 38 Saint-Sauveur
0%
556 7 Saint-Sauveur-de-Cruzières
0%
1127 7 Saint-Sauveur-de-Montagut
0%
54 26 Saint-Sauveur-en-Diois
0%
1109 42 Saint-Sauveur-en-Rue
0%
184 26 Saint-Sauveur-Gouvernet
0%
88 63 Saint-Sauveur-la-Sagne
0%
4328 38 Saint-Savin
0%
1823 7 Saint-Sernin
0%
628 74 Saint-Sigismond
0%
3016 38 Saint-Siméon-de-Bressieux
0%
1164 15 Saint-Simon
0%
1055 74 Saint-Sixt
0%
712 42 Saint-Sixte
0%
357 73 Saint-Sorlin-d'Arves
0%
626 38 Saint-Sorlin-de-Morestel
0%
965 38 Saint-Sorlin-de-Vienne
0%
1177 1 Saint-Sorlin-en-Bugey
0%
229 3 Saint-Sornin
0%
443 38 Saint-Sulpice-des-Rivoires
0%
619 74 Saint-Sylvestre
0%
516 7 Saint-Sylvestre
0%
1092 63 Saint-Sylvestre-Pragoulin
0%
1985 42 Saint-Symphorien-de-Lay
0%
123 7 Saint-Symphorien-de-Mahun
0%
819 7 Saint-Symphorien-sous-Chomérac
0%
1092 73 Saint-Thibaud-de-Couz
0%
622 26 Saint-Thomas-en-Royans
0%
610 42 Saint-Thomas-la-Garde
0%
1866 1 Saint-Trivier-sur-Moignans
0%
412 15 Saint-Urcize
0%
2106 26 Saint-Uze
0%
51 43 Saint-Vénérand
0%
109 43 Saint-Vert
0%
1111 38 Saint-Victor-de-Morestel
0%
256 63 Saint-Victor-la-Rivière
0%
834 43 Saint-Victor-Malescours
0%
93 43 Saint-Victor-sur-Arlanc
0%
1228 42 Saint-Victor-sur-Rhins
0%
622 43 Saint-Vidal
0%
1058 43 Saint-Vincent
0%
427 63 Saint-Vincent
0%
855 7 Saint-Vincent-de-Barrès
0%
1006 42 Saint-Vincent-de-Boisset
0%
272 7 Saint-Vincent-de-Durfort
0%
1543 38 Saint-Vincent-de-Mercuze
0%
617 69 Saint-Vincent-de-Reins
0%
71 15 Saint-Vincent-de-Salers
0%
578 26 Saint-Vincent-la-Commanderie
0%
744 73 Saint-Vital
0%
206 3 Saint-Voir
0%
1268 1 Saint-Vulbas
0%
605 63 Saint-Yvoine
0%
1501 38 Salagnon
0%
4576 38 Salaise-sur-Sanne
0%
724 7 Salavas
0%
281 1 Salavre
0%
2204 74 Sales
0%
147 43 Salettes
0%
143 26 Salettes
0%
744 3 Saligny-sur-Roudon
0%
145 15 Salins
0%
1014 73 Salins-Fontaine
0%
595 63 Sallèdes
0%
811 74 Sallenôves
0%
793 69 Salles-Arbuissonnas-en-Beaujolais
0%
205 26 Salles-sous-Bois
0%
567 42 Salt-en-Donzy
0%
628 42 Salvizinet
0%
359 43 Salzuit
0%
2438 74 Samoëns
0%
682 1 Samognat
0%
247 7 Sampzon
0%
568 1 Sandrans
0%
457 7 Sanilhac
0%
1394 15 Sansac-de-Marmiesse
0%
219 15 Sansac-Veinazès
0%
1124 43 Sanssac-l'Église
0%
588 26 Saou
0%
231 38 Sarcenas
0%
1026 69 Sarcey
0%
1184 38 Sardieu
0%
2277 7 Sarras
0%
1529 7 Satillieu
0%
2533 38 Satolas-et-Bonce
0%
1820 43 Saugues
0%
1868 26 Saulce-sur-Rhône
0%
1001 1 Sault-Brénaz
0%
172 63 Sauret-Besserve
0%
269 63 Saurier
0%
146 63 Sauvagnat
0%
487 63 Sauvagnat-Sainte-Marthe
0%
220 15 Sauvat
0%
1007 1 Sauverny
0%
574 63 Sauviat
0%
1324 63 Sauxillanges
0%
1888 26 Sauzet
0%
921 7 Savas
0%
904 38 Savas-Mépin
0%
1579 26 Savasse
0%
95 63 Savennes
0%
499 74 Saxel
0%
2518 63 Sayat
0%
144 3 Sazeret
0%
158 7 Sceautres
0%
1180 74 Scientrier
0%
540 7 Sécheras
0%
256 26 Séderon
0%
2416 73 Séez
0%
221 15 Ségur-les-Villas
0%
142 1 Seillonnaz
0%
231 43 Sembadel
0%
307 43 Séneujols
0%
213 15 Sénezergues
0%
2129 38 Septème
0%
1162 38 Sérézin-de-la-Tour
0%
1705 38 Sermérieu
0%
670 1 Sermoyer
0%
2147 38 Serpaize
0%
774 74 Serraval
0%
351 38 Serre-Nerpol
0%
1134 7 Serrières
0%
1350 1 Serrières-de-Briord
0%
1184 73 Serrières-en-Chautagne
0%
136 1 Serrières-sur-Ain
0%
569 63 Servant
0%
739 26 Serves-sur-Rhône
0%
174 1 Servignat
0%
282 3 Servilly
0%
1103 74 Servoz
0%
499 3 Seuillet
0%
661 42 Sevelinges
0%
4336 74 Sevrier
0%
800 63 Seychalles
0%
2426 74 Seyssel
0%
1023 1 Seyssel
0%
542 74 Seytroux
0%
819 43 Siaugues-Sainte-Marie
0%
603 38 Siccieu-Saint-Julien-et-Carisieu
0%
133 38 Siévoz
0%
394 7 Silhac
0%
1980 38 Sillans
0%
5619 74 Sillingy
0%
1832 69 Simandres
0%
670 1 Simandre-sur-Suran
0%
731 38 Sinard
0%
161 63 Singles
0%
471 15 Siran
0%
769 74 Sixt-Fer-à-Cheval
0%
436 26 Solaure en Diois
0%
322 26 Solérieux
0%
716 42 Soleymieux
0%
271 43 Solignac-sous-Roche
0%
1307 43 Solignac-sur-Loire
0%
528 63 Solignat
0%
1304 38 Sonnay
0%
2119 73 Sonnaz
0%
306 1 Sonthonnax-la-Montagne
0%
324 3 Sorbier
0%
8180 42 Sorbiers
0%
4696 69 Soucieu-en-Jarrest
0%
279 1 Souclin
0%
83 15 Soulages
0%
2127 69 Sourcieux-les-Mines
0%
206 15 Sourniac
0%
109 26 Souspierre
0%
271 42 Souternon
0%
824 69 Souzy
0%
402 26 Soyans
0%
759 38 Succieu
0%
609 63 Sugères
0%
145 1 Surjoux-Lhopital
0%
6978 42 Sury-le-Comtal
0%
244 26 Suze
0%
2197 26 Suze-la-Rousse
0%
74 43 Tailhac
0%
1140 7 Talencieux
0%
531 1 Talissieu
0%
1990 74 Talloires-Montmin
0%
234 15 Tanavelle
0%
3522 74 Taninges
0%
915 69 Taponas
0%
504 42 Tarentaise
0%
258 3 Target
0%
944 42 Tartaras
0%
1673 26 Taulignan
0%
205 7 Tauriers
0%
593 38 Têche
0%
509 63 Teilhède
0%
284 63 Teilhet
0%
563 3 Teillet-Argenty
0%
309 15 Teissières-de-Cornet
0%
336 15 Teissières-lès-Bouliès
0%
2178 38 Tencin
0%
190 3 Terjat
0%
31 63 Ternant-les-Eaux
0%
5584 69 Ternay
0%
371 26 Tersanne
0%
69 26 Teyssières
0%
146 42 Thélis-la-Combe
0%
325 73 Thénésol
0%
366 3 Theneuille
0%
2103 38 Theys
0%
617 15 Thiézac
0%
1130 1 Thil
0%
163 63 Thiolières
0%
297 3 Thionne
0%
801 38 Thodure
0%
849 74 Thollon-les-Mémises
0%
226 43 Thoras
0%
262 7 Thorrenc
0%
1225 7 Thueyts
0%
1162 74 Thusy
0%
6567 74 Thyez
0%
475 43 Tiranges
0%
181 15 Tiviers
0%
846 38 Torchefelon
0%
749 1 Torcieu
0%
69 43 Torsiac
0%
79 63 Tortebesse
0%
189 3 Tortezais
0%
1779 7 Toulaud
0%
1160 3 Toulon-sur-Allier
0%
130 15 Tournemire
0%
919 73 Tours-en-Savoie
0%
537 63 Tours-sur-Meymont
0%
206 63 Tourzel-Ronzières
0%
3232 69 Toussieu
0%
1191 1 Toussieux
0%
332 73 Traize
0%
72 63 Tralaigues
0%
811 38 Tramolé
0%
1867 1 Tramoyes
0%
387 3 Treignat
0%
687 42 Trelins
0%
190 38 Tréminis
0%
179 15 Trémouille
0%
158 63 Trémouille-Saint-Loup
0%
2220 38 Trept
0%
755 69 Trèves
0%
849 73 Trévignin
0%
1690 3 Trévol
0%
625 26 Triors
0%
496 15 Trizac
0%
133 26 Truinas
0%
2043 26 Tulette
0%
7883 38 Tullins
0%
656 69 Tupin-et-Semons
0%
2128 7 Ucel
0%
438 42 Unias
0%
1564 26 Upie
0%
126 42 Urbise
0%
303 3 Urçay
0%
117 7 Usclades-et-Rieutord
0%
430 74 Usinens
0%
303 63 Usson
0%
1512 42 Usson-en-Forez
0%
429 7 Uzer
0%
254 15 Vabres
0%
36 26 Vachères-en-Quint
0%
877 74 Vacheresse
0%
620 7 Vagnas
0%
936 74 Vailly
0%
718 26 Valaurie
0%
132 63 Valbeleix
0%
525 38 Valbonnais
0%
2038 73 Val-d'Arc
0%
1016 15 Val d'Arcomie
0%
1411 74 Val de Chaise
0%
1562 38 Val-de-Virieu
0%
137 26 Valdrôme
0%
701 42 Valeille
0%
128 1 Valeins
0%
2937 38 Valencin
0%
701 38 Valencogne
0%
242 15 Valette
0%
717 42 Valfleury
0%
4244 73 Valgelon-La Rochette
0%
428 7 Valgorge
0%
1038 26 Valherbasse
0%
73 3 Valignat
0%
385 3 Valigny
0%
144 38 Valjouffrey
0%
23 15 Valjouze
0%
885 7 Vallées-d'Antraigues-Asperjoc
0%
4968 74 Valleiry
0%
2694 74 Vallières-sur-Fier
0%
1096 73 Valloire
0%
1542 3 Vallon-en-Sully
0%
419 74 Vallorcine
0%
51 26 Val-Maravel
0%
572 73 Valmeinier
0%
40 26 Valouse
0%
539 43 Valprivas
0%
2561 1 Val-Revermont
0%
1358 1 Valromey-sur-Séran
0%
46 43 Vals-le-Chastel
0%
985 69 Valsonne
0%
574 15 Valuéjols
0%
451 7 Valvignères
0%
55 63 Valz-sous-Châteauneuf
0%
729 1 Vandeins
0%
964 7 Vanosc
0%
345 74 Vanzy
0%
865 38 Varacieux
0%
8483 38 Varces-Allières-et-Risset
0%
27 43 Varennes-Saint-Honorat
0%
436 63 Varennes-sur-Morge
0%
233 3 Varennes-sur-Tèche
0%
312 63 Varennes-sur-Usson
0%
304 63 Vassel
0%
469 38 Vasselin
0%
341 26 Vassieux-en-Vercors
0%
369 38 Vatilieu
0%
211 7 Vaudevant
0%
594 26 Vaunaveys-la-Rochette
0%
1134 69 Vaux-en-Beaujolais
0%
325 69 Vauxrenard
0%
270 43 Vazeilles-Limandre
0%
529 15 Vebret
0%
140 15 Védrines-Saint-Loup
0%
4012 74 Veigy-Foncenex
0%
570 38 Velanne
0%
422 15 Velzic
0%
247 3 Venas
0%
386 42 Vendranges
0%
985 38 Vénérieu
0%
783 38 Venon
0%
683 26 Venterol
0%
346 43 Venteuges
0%
602 73 Venthon
0%
791 74 Verchaix
0%
469 26 Vercheny
0%
61 26 Verclause
0%
142 26 Vercoiran
0%
319 73 Verel-de-Montbel
0%
492 73 Verel-Pragondran
0%
510 43 Vergezac
0%
71 63 Vergheas
0%
336 1 Verjon
0%
270 38 Vernas
0%
374 43 Vernassal
0%
104 69 Vernay
0%
599 3 Verneix
0%
235 63 Verneugheol
0%
239 3 Verneuil-en-Bourbonnais
0%
434 63 Vernines
0%
1464 38 Vernioz
0%
67 15 Vernols
0%
230 7 Vernon
0%
2677 7 Vernosc-lès-Annonay
0%
310 1 Vernoux
0%
2003 7 Vernoux-en-Vivarais
0%
154 3 Vernusse
0%
45 26 Véronne
0%
967 73 Verrens-Arvey
0%
793 42 Verrières-en-Forez
0%
498 1 Versailleux
0%
40 26 Vers-sur-Méouge
0%
233 73 Verthemex
0%
551 63 Vertolaye
0%
250 26 Vesc
0%
226 1 Vescours
0%
103 1 Vésines
0%
2085 7 Vesseaux
0%
9631 74 Vétraz-Monthoux
0%
591 42 Vêtre-sur-Anzon
0%
1447 38 Veurey-Voroize
0%
1558 7 Veyras
0%
2369 74 Veyrier-du-Lac
0%
124 15 Veyrières
0%
342 38 Veyssilieu
0%
1304 15 Vézac
0%
818 42 Vézelin-sur-Loire
0%
132 15 Vezels-Roussy
0%
633 43 Vézézoux
0%
352 63 Vichel
0%
304 3 Vicq
0%
1223 43 Vieille-Brioude
0%
244 15 Vieillespesse
0%
111 15 Vieillevie
0%
68 43 Vielprat
0%
761 1 Vieu-d'Izenave
0%
283 3 Vieure
0%
986 38 Vignieu
0%
2584 38 Villages du Lac de Paladru
0%
7431 38 Villard-Bonnot
0%
262 73 Villard-d'Héry
0%
463 73 Villard-Léger
0%
31 38 Villard-Notre-Dame
0%
40 38 Villard-Reymond
0%
410 38 Villard-Saint-Christophe
0%
259 73 Villarembert
0%
860 73 Villargondran
0%
552 73 Villarodin-Bourget
0%
377 73 Villaroger
0%
196 73 Villaroux
0%
3477 74 Villaz
0%
1213 1 Villebois
0%
14 26 Villebois-les-Pins
0%
1366 3 Villebret
0%
897 69 Villechenève
0%
575 15 Villedieu
0%
945 74 Ville-en-Sallaz
0%
18 26 Villefranche-le-Château
0%
1894 38 Villemoirieu
0%
1055 42 Villemontais
0%
650 1 Villemotier
0%
301 43 Villeneuve-d'Allier
0%
1196 38 Villeneuve-de-Marc
0%
524 63 Villeneuve-les-Cerfs
0%
102 26 Villeperdrix
0%
5233 42 Villerest
0%
1376 1 Villereversure
0%
604 42 Villers
0%
1201 38 Ville-sous-Anjou
0%
5274 38 Villette-d'Anthon
0%
1957 38 Villette-de-Vienne
0%
775 1 Villette-sur-Ain
0%
1209 7 Villevocance
0%
2243 69 Villié-Morgon
0%
3827 1 Villieu-Loyes-Mollon
0%
625 74 Villy-le-Bouveret
0%
1011 74 Villy-le-Pelloux
0%
2212 73 Vimines
0%
4478 38 Vinay
0%
5404 69 Vindry-sur-Turdine
0%
1450 7 Vinezac
0%
1048 26 Vinsobres
0%
366 63 Vinzelles
0%
880 74 Vinzier
0%
486 7 Vinzieux
0%
1252 42 Violay
0%
963 7 Vion
0%
408 73 Vions
0%
298 3 Viplaix
0%
122 15 Virargues
0%
463 42 Viricelles
0%
1151 1 Virieu-le-Grand
0%
649 42 Virigneux
0%
1139 1 Virignin
0%
1716 38 Viriville
0%
271 63 Virlet
0%
312 43 Vissac-Auteyrac
0%
356 63 Vitrac
0%
274 15 Vitrac
0%
4636 74 Viuz-en-Sallaz
0%
1332 74 Viuz-la-Chiésaz
0%
229 42 Vivans
0%
634 7 Vocance
0%
196 63 Vodable
0%
41 63 Voingt
0%
248 38 Voissant
0%
33 26 Volvent
0%
73 1 Vongnes
0%
3240 1 Vonnas
0%
1461 43 Vorey
0%
1611 74 Vougy
0%
1560 42 Vougy
0%
1746 38 Vourey
0%
499 3 Voussac
0%
562 74 Vovray-en-Bornes
0%
1699 74 Vulbens
0%
1657 15 Ydes
0%
575 15 Yolet
0%
914 63 Youx
0%
665 63 Yronde-et-Buron
0%
400 63 Yssac-la-Tourette
0%
4436 15 Ytrac
0%
1106 74 Yvoire
0%
Aucun quiz correspondant
Distribution des résultats
% des personnes avec chaque résultat
Percentile par nombre de réponses
Votre historique - résultats
Vous n’avez pas pris ce quiz